{"text_format":"3","workbook":"xlsx","n_sheets":25,"sheets":["Orçamento","01- 40402","01-102069","01-43009","2-COMP.1","2-COMP.2","2-COMP.3","2-190418","2-190602","03-41403","03-COMP. 4","3-040202","3-040238","3-030101","3-030208","3-040235","3-151336","04-COMP. 6","04-41500","04-41530","04-41498","6-020355","04-41501","04-41503","100390"],"not_rendered":{"images":1,"external_links":23,"defined_names":854},"read":"whole","date_system":"1900"}

{"sheet":"Orçamento","index":0,"n_rows":59,"n_cols":16,"rows_kept":59,"merged":[[0,0,1,1],[0,2,1,7],[0,8,0,9],[0,11,0,13],[1,8,1,9],[1,11,1,12],[2,0,2,1],[2,2,2,7],[2,8,2,9],[2,11,2,12],[3,0,3,1],[3,2,3,7],[3,8,3,9],[3,11,3,12],[4,0,5,1],[4,2,5,7],[4,8,4,9],[4,11,4,12],[5,8,5,9],[5,11,5,12],[6,0,7,0],[6,1,7,1],[6,2,7,9],[6,10,7,10],[6,11,7,11],[6,12,6,13],[8,2,8,9],[8,10,8,13],[9,2,9,9],[10,2,10,9],[11,2,11,9],[12,2,12,10],[12,11,12,12],[14,2,14,9],[14,10,14,13],[15,2,15,9],[16,2,16,9],[17,2,17,9],[18,2,18,9],[19,2,19,9],[20,2,20,9],[21,2,21,9],[22,2,22,10],[22,11,22,12],[24,2,24,9],[24,10,24,13],[25,2,25,9],[26,2,26,9],[27,2,27,9],[28,2,28,9],[29,2,29,9],[30,2,30,9],[31,2,31,9],[32,2,32,10],[32,11,32,12],[34,2,34,9],[34,10,34,13],[35,2,35,9],[36,2,36,9],[37,2,37,9],[38,2,38,9],[39,2,39,9],[40,2,40,9],[41,2,41,9],[42,2,42,10],[42,11,42,12],[44,2,44,9],[44,10,44,13],[45,2,45,9],[46,2,46,9],[47,2,47,9],[48,2,48,9],[49,2,49,9],[50,2,50,9],[51,2,51,10],[51,11,51,12],[52,0,52,13],[53,0,53,13],[54,2,54,9],[55,2,55,9],[56,2,56,10],[56,11,56,12],[58,0,58,12]]}
["Orgão:",null,"Prefeitura Municipal de João Neiva - ES",{"$nulls":5},"Extensão:",null,"31,60 m","Referencial de preço Sem Desoneração"]
[{"$nulls":8},"Fonte de dados:",null,"DER/ES ","Fonte de dados:",null,"SINAPI/ES "]
["Empresa:",null,"Tonon Projetos - Consultoria e Topografia LTDA",{"$nulls":5},"BDI: ",null,{"v":0.2332,"d":"23.32%"},"BDI: ",null,{"v":0.2332,"d":"23.32%"}]
["Serviços:",null,"Elaboração de Projeto de Reforma da Ponte de Ferro",{"$nulls":5},"Encargos horista (DER/ES):",null,{"v":1.5727,"d":"157.27%"},"Data base (SINAPI/ES):",null,"2019-11-01"]
["Trecho:",null,"Reforma de Ponte de Ferro ",{"$nulls":5},"Encargos mensalista (DER/ES):",null,{"v":0.8404,"d":"84.04%"},"Fonte de dados:",null,"IOPES/ES"]
[{"$nulls":8},"Data base (DER/ES):",null,"2019-11-01","Data base (IOPES/ES):",null,"2019-11-01"]
["Cod.","Item","Discrimanação",{"$nulls":7},"Unid.","Quant.","Preço (R$)"]
[{"$nulls":12},"Unitário","Total"]
[null,1,"LIMPEZA "]
["40402     DER/ES","1.1","Hidrojateamento de superfícies metálicas",{"$nulls":7},"m²",{"$f":"TRUNC(ROUND(641.78,2),2)","v":{"v":641.78,"d":"641.780"}},{"$f":"TRUNC(ROUND('01- 40402'!L42,2),2)","v":{"v":11.6,"d":"11.60"}},{"$f":"TRUNC(ROUND(L10*M10,2),2)","v":{"v":7444.65,"d":"7,444.65"}}]
["102069 DER/ES","1.2","Limpeza em superfície de concreto com jateamento d'água sob pressão ",{"$nulls":7},"m²",{"$f":"TRUNC(ROUND(331.312,2),2)","v":{"v":331.31,"d":"331.310"}},{"$f":"TRUNC(ROUND('01-102069'!L40,2),2)","v":3.76},{"$f":"TRUNC(ROUND(L11*M11,2),2)","v":{"v":1245.73,"d":"1,245.73"}}]
["43009   DER/ES","1.3","Limpeza e preparo de superfície de aço em Vias Urbanas",{"$nulls":7},"m²",{"$f":"TRUNC(ROUND(13.727,2),2)","v":{"v":13.73,"d":"13.730"}},{"$f":"TRUNC(ROUND('01-43009'!L40,2),2)","v":105.14},{"v":1443.57,"d":"1,443.57"}]
[null,null," ",{"$nulls":8},"SUBTOTAL",null,{"$f":"SUM(N10:N12)","v":{"v":10133.949999999999,"d":"10,133.95"}}]
[]
[null,2,"RECUPERAÇÃO DA ESTRUTURA "]
["COMP. 1","2.1","Recuperação de Alma de Pilar ",{"$nulls":7},"m",{"$f":"TRUNC(ROUND(9,2),2)","v":{"v":9,"d":"9.00"}},{"$f":"TRUNC(ROUND('2-COMP.1'!I14,2),2)","v":290.33},{"$f":"TRUNC(ROUND(L16*M16,2),2)","v":{"v":2612.97,"d":"2,612.97"}}]
["COMP. 2","2.2","Recuperação do Perfil Superior da Ponte ",{"$nulls":7},"m",{"$f":"TRUNC(ROUND(27.78,2),2)","v":27.78},{"$f":"TRUNC(ROUND('2-COMP.2'!I14,2),2)","v":247.57},{"$f":"TRUNC(ROUND(L17*M17,2),2)","v":{"v":6877.49,"d":"6,877.49"}}]
["COMP. 3","2.3","Remoção de Guarda-corpo",{"$nulls":7},"m",{"$f":"TRUNC(ROUND(31.2,2),2)","v":{"v":31.2,"d":"31.20"}},{"$f":"TRUNC(ROUND('2-COMP.3'!I10,2),2)","v":29.19},{"$f":"TRUNC(ROUND(L18*M18,2),2)","v":910.73}]
["190418 IOPES/ES","2.4","Pintura de superfície metálica com uma demão de primer Epoxi e duas demãos de tinta à base de Epoxi",{"$nulls":7},"m²",{"$f":"TRUNC(ROUND(781.2,2),2)","v":{"v":781.2,"d":"781.20"}},{"$f":"TRUNC(ROUND('2-190418'!E30,2),2)","v":34.67},{"v":27084.2,"d":"27,084.20"}]
["190602 IOPES/ES","2.5","Pintura com tinta à base de resinas acrílicas, marcas de referência Suvinil, Coral ou Metalatex, sobre piso de concreto, a duas demãos",{"$nulls":7},"m²",{"$f":"TRUNC(ROUND(331.312,2),2)","v":331.31},{"$f":"TRUNC(ROUND('2-190602'!E27,2),2)","v":35.32},{"v":11701.87,"d":"11,701.87"}]
["COMP. 5","2.6","Piso passarela metálica ",{"$nulls":7},"m",{"$f":"TRUNC(ROUND(34.17,2),2)","v":34.17},{"$f":"TRUNC(ROUND('04-COMP. 6'!L39,2),2)","v":847.71},{"v":28966.25,"d":"28,966.25"}]
["COMP. 4","2.7","Guarda corpo Passarela metálica ",{"$nulls":7},"m",{"$f":"TRUNC(ROUND(34.17,2),2)","v":34.17},{"$f":"TRUNC(ROUND('03-COMP. 4'!L44,2),2)","v":674.42},{"v":23044.93,"d":"23,044.93"}]
[{"$nulls":11},"SUBTOTAL",null,{"$f":"SUM(N16:N22)","v":{"v":101198.44,"d":"101,198.44"}}]
[]
[null,3,"INSTALAÇÃO DA PASSARELA "]
["41403   DER/ES","3.1","Passarela metálica p/ pontes rodoviárias com 1,0m de largura, piso em chapa xadrez esp 1/4\", em perfis laminados, inclusive pintura",{"$nulls":7},"m",{"$f":"TRUNC(ROUND(31.26,2),2)","v":{"v":31.26,"d":"31.260"}},{"$f":"TRUNC(ROUND('03-41403'!L48,2),2)","v":1055.96},{"$f":"TRUNC(ROUND(L26*M26,2),2)","v":{"v":33009.31,"d":"33,009.31"}}]
["COMP. 4","3.2","Guarda corpo Passarela metálica ",{"$nulls":7},"m",{"v":31.26,"d":"31.260"},{"$f":"TRUNC(ROUND(M22,2),2)","v":674.42},{"$f":"TRUNC(ROUND(L27*M27,2),2)","v":{"v":21082.37,"d":"21,082.37"}}]
[" 040202 IOPES/ES","3.3","Fornecimento, preparo e aplicação de concreto ciclópico Fck=15MPa com 30% de pedra de mão",{"$nulls":7},"m³",{"v":1.15,"d":"1.150"},{"$f":"TRUNC(ROUND('3-040202'!E30,2),2)","v":527.83},{"v":607,"d":"607.00"}]
[" 040238 IOPES/ES","3.4","Fôrma de chapa compensada resinada 12mm, levando-se em conta a utilização 3 vezes (incluido o material, corte,montagem, escoramento e desfôrma)",{"$nulls":7},"m²",{"v":11.16,"d":"11.160"},{"$f":"TRUNC(ROUND('3-040238'!E30,2),2)","v":74.05},{"v":826.4,"d":"826.40"}]
[" 030101 IOPES/ES","3.5","Escavação manual em material de 1a. categoria, até 1.50 m de profundidade",{"$nulls":7},"m³",{"v":0.74,"d":"0.740"},{"$f":"TRUNC(ROUND('3-030101'!E25,2),2)","v":50.94},{"v":37.7,"d":"37.70"}]
[" 030208 IOPES/ES","3.6","Aterro manual para regularização do terreno em argila, inclusive adensamento manual e fornecimento do material (máximo de 100m3)",{"$nulls":7},"m³",{"v":14.7,"d":"14.700"},{"$f":"TRUNC(ROUND('3-030208'!E26,2),2)","v":121.31},{"v":1783.26,"d":"1,783.26"}]
[" 040235 IOPES/ES","3.7","Fornecimento, preparo e aplicação de concreto Fck=20 MPa (brita 1 e 2) - (5% de perdas já incluído no custo)",{"$nulls":7},"m³",{"v":0.95,"d":"0.950"},{"$f":"TRUNC(ROUND('3-040235'!E35,2),2)","v":551.98},524.38]
[{"$nulls":11},"SUBTOTAL",null,{"$f":"SUM(N26:N32)","v":{"v":57870.41999999999,"d":"57,870.42"}}]
[]
[null,4,"ELÉTRICO"]
["COMP. 6","4.1","Instalação de Refletores de LED DE 200 W com suporte metálico de 0,60 m.",{"$nulls":7},"und",{"v":10,"d":"10.000"},{"$f":"TRUNC(ROUND('04-COMP. 6'!L39,2),2)","v":847.71},{"$f":"TRUNC(ROUND(L36*M36,2),2)","v":{"v":8477.1,"d":"8,477.10"}}]
["151420    IOPES/ES","4.2","Cabo de cobre termoplástico, com isolamento para 1000V, seção de 10 mm2",{"$nulls":7},"m",{"v":186,"d":"186.000"},{"$f":"TRUNC(ROUND(O37*P37,2),2)","v":11.15},{"$f":"TRUNC(ROUND(L37*M37,2),2)","v":{"v":2073.9,"d":"2,073.90"}},9.04,1.2332]
["83399   SINAPI","4.3","Rele fotoeletrico p/ comando de iluminação externa 220V/1000W - fornecimento  e isntalação",{"$nulls":7},"und",{"v":4,"d":"4.000"},{"$f":"TRUNC(ROUND(O38*P38,2),2)","v":38.65},{"v":154.6,"d":"154.60"},31.34,1.2332]
[" 151336 IOPES/ES","4.4","Disjuntor DR bipolar 16A a 25A, corrente nominal 30 mA",{"$nulls":7},"und",{"v":4,"d":"4.000"},{"$f":"TRUNC(ROUND('3-151336'!E29,2),2)","v":139.52},558.08]
[" 151820 IOPES/ES","4.5","Ponto padrão de interruptor de 1 tecla intermediário - considerando eletroduto PVC rígido de 3/4\" inclusive conexões (3.3m), fio isolado PVC de 2.5mm2 (15.8m) e caixa estampada 4x2\" (1 und)",{"$nulls":7},"und",{"v":2,"d":"2.000"},{"$f":"TRUNC(ROUND(O40*P40,2),2)","v":149.66},299.32,121.36,1.2332]
["41135    DER/ES","4.6","Isolador de Porcelana tipo roldana com rack 3 x 16, instalação",{"$nulls":7},"und",{"v":2,"d":"2.000"},{"$f":"TRUNC(ROUND(117.48,2),2)","v":117.48},234.96]
["150312 IOPES/ES","4.7","Quadro de distribuição de energia, de embutir, com 3 divisões modulares, sem barramento",{"$nulls":7},"und",{"v":1,"d":"1.000"},{"$f":"TRUNC(ROUND(O42*P42,2),2)","v":108.85},108.85,88.27,1.2332]
[{"$nulls":11},"SUBTOTAL",null,{"$f":"SUM(N36:N42)","v":{"v":11906.81,"d":"11,906.81"}}]
[]
[null,5,"CANTEIRO DE OBRAS "]
["41500    DER/ES","5.1","Placa da obra nas dimensões de 3,0 x 6,0m, padrão DER-ES",{"$nulls":7},"m²",{"v":6.5,"d":"6.500"},{"$f":"TRUNC(ROUND('04-41500'!L35,2),2)","v":233.82},{"$f":"TRUNC(ROUND(L46*M46,2),2)","v":{"v":1519.83,"d":"1,519.83"}}]
["41498    DER/ES","5.2","Barracão com sanitário, em chapa compensada 12 mm e pont. 8x8 cm, piso cimentado e cobertura em telha de fibroc. 6 mm, incl. Ponto de luz e cx. Inspeção -  (Escritório)",{"$nulls":7},"m²",{"v":18,"d":"18.000"},{"$f":"TRUNC(ROUND('04-41498'!L35,2),2)","v":649.95},{"$f":"TRUNC(ROUND(L47*M47,2),2)","v":{"v":11699.1,"d":"11,699.10"}}]
["41530    DER/ES","5.3","Refeitório c/ paredes chapa de comp. 12 mm e pont. 8x8 cm, piso ciment. E cob. Telhas fibroc. 6 mm, incl. Ponto de luz e cx. De insp. (1,21m²/func/turno)",{"$nulls":7},"m²",{"v":20,"d":"20.000"},{"$f":"TRUNC(ROUND('04-41530'!L35,2),2)","v":352.67},{"v":7053.4,"d":"7,053.40"}]
["020355 IOPES/ES","5.4","Aluguel de container tipo sanitário com 3 vasos sanitários, lavatório, mictório, 5 chuveiros, 2 venezianas e piso especial",{"$nulls":7},"mês",{"v":2,"d":"2.000"},{"$f":"TRUNC(ROUND('6-020355'!E25,2),2)","v":882.97},{"v":1765.94,"d":"1,765.94"}]
["41503    DER/ES","5.5","Rede de luz, incl. padrão entr. energia trifás. cabo ligação até barracões, quadro distrib., disj. E chave de força, cons. 20m entre padrão entr.e QDG",{"$nulls":7},"m",{"v":20,"d":"20.000"},{"$f":"TRUNC(ROUND('04-41503'!L35,2),2)","v":454.96},{"v":9099.2,"d":"9,099.20"}]
["41501    DER/ES","5.6"," Rede de água c/ padrão de entrada d'água diâm. 3/4\" conf. CESAN, incl. tubos e conexões p/ aliment., distrib., extravas. e limp., cons. o padrão a 25m",{"$nulls":7},"m",{"v":20,"d":"20.000"},{"$f":"TRUNC(ROUND('04-41501'!L35,2),2)","v":39.75},{"$f":"TRUNC(ROUND(L51*M51,2),2)","v":{"v":795,"d":"795.00"}}]
[{"$nulls":11},"SUBTOTAL",null,{"$f":"SUM(N46:N51)","v":{"v":31932.47,"d":"31,932.47"}},{"$f":"SUM(N52+N33+N23+N43+N13)","v":{"v":213042.09,"d":"213,042.09"}}]
[]
[]
[null,6,"ADMINISTRAÇÃO LOCAL"]
[100390,"6.1","Adminstração Local",{"$nulls":7},"Vb.",{"v":1,"d":"1.000"},{"$f":"N56","v":{"v":13725.66,"d":"13,725.66"}},{"$f":"'100390'!L45","v":{"v":13725.66,"d":"13,725.66"}},"Composição alterada"]
[{"$nulls":11},"SUBTOTAL",null,{"$f":"N56","v":{"v":13725.66,"d":"13,725.66"}}]
[]
["TOTAL: ",{"$nulls":12},{"$f":"N13+N23+N33+N52+N57+N43","v":{"v":226767.75,"d":"226,767.75"}}]

{"sheet":"01- 40402","index":1,"n_rows":42,"n_cols":15,"rows_kept":42,"merged":[[1,1,1,14],[2,1,2,14],[3,1,3,14],[4,1,4,14],[5,1,5,14],[6,1,7,14],[8,1,8,14],[9,1,9,14],[10,3,10,4],[10,5,10,6],[10,8,10,9],[10,10,10,12],[10,13,10,14],[11,3,11,4],[11,5,11,6],[11,8,11,9],[11,10,11,12],[11,13,11,14],[12,3,12,4],[12,5,12,6],[12,8,12,9],[12,10,12,12],[12,13,12,14],[13,3,13,4],[13,5,13,6],[13,8,13,9],[13,10,13,12],[13,13,13,14],[14,1,14,10],[14,11,14,14],[16,3,16,4],[16,5,16,6],[16,8,16,12],[16,13,16,14],[17,3,17,4],[17,5,17,6],[17,8,17,12],[17,13,17,14],[18,1,18,10],[18,11,18,14],[20,3,20,4],[20,6,20,7],[20,9,20,14],[21,3,21,4],[21,6,21,7],[21,9,21,14],[22,1,22,10],[22,11,22,14],[24,1,24,8],[24,9,24,14],[25,1,25,8],[25,9,25,14],[26,1,26,8],[26,9,26,14],[28,3,28,4],[28,5,28,7],[28,8,28,10],[28,11,28,14],[29,3,29,4],[29,5,29,7],[29,8,29,10],[29,11,29,14],[30,3,30,4],[30,5,30,7],[30,8,30,10],[30,11,30,14],[31,1,31,10],[31,11,31,14],[33,3,33,4],[33,5,33,7],[33,8,33,10],[33,11,33,14],[34,1,34,10],[34,11,34,14],[36,4,36,7],[36,10,36,11],[36,12,36,13],[37,1,37,10],[37,11,37,14],[39,1,39,10],[39,11,39,14],[40,1,40,10],[40,11,40,14],[41,1,41,10],[41,11,41,14]]}
[]
[null,"COMPOSIÇÃO DE PREÇO UNITÁRIO DE SERVIÇO"]
[]
[]
[]
[null,"Data Base :Novembro/2019"]
[null,"Serviço:  40402 -  Hidrojateamento de superfícies metálicas"]
[]
[]
[null,"Unidade: Ud"]
[null,"(A)Equipamento","Código padrão","Quantidade",null,"Ut. Pr",null,"Ut. Impr","Vl. Hr. Prod",null,"Vl. Hr. Imp",null,null,"Custo Horário"]
[null,"Conjunto moto bomba diam. 4\" ",30080,{"v":1,"d":"1.0000"},null,{"v":1,"d":"1.0000"},null,{"v":0,"d":"0.0000"},18.52,null,12.62,null,null,{"$f":"TRUNC((F12*I12)+(H12*K12)*D12,2)","v":18.52}]
[null,"Esmerilhadeira Angular 7\" marca de referência BOSCH - 1755 ou equivalente",30098,{"v":1.71,"d":"1.7100"},null,{"v":0.2,"d":"0.2000"},null,{"v":0.8,"d":"0.8000"},25.18,null,23.81,null,null,41.15]
[null,"Máquina de hidrojateamento",30147,{"v":1,"d":"1.0000"},null,{"v":1,"d":"1.0000"},null,{"v":0,"d":"0.0000"},47.66,null,14.92,null,null,{"$f":"TRUNC((F14*I14)+(H14*K14)*D14,2)","v":47.66}]
[null,"(A)Total:",{"$nulls":9},{"$f":"SUM(N12:O14)","v":107.33}]
[]
[null,"(B)Mão-de-Obra","Código padrão","Eq. Salarial",null,"Encargos(%)",null,"Sal/Hora","Consumo",{"$nulls":4},"Custo Horário"]
[null,"Servente",20002,{"v":1,"d":"1.00"},null,157.27,null,{"v":12.1,"d":"12.10"},{"v":0.85,"d":"0.8500"},{"$nulls":4},{"$f":"TRUNC(I18*H18,2)","v":10.28}]
[null,"(B)Total:",{"$nulls":9},{"$f":"SUM(N18:O18)","v":10.28}]
[]
[null,"(C)Itens de Incidência","Código padrão","%",null,"M. O.","Equip.",null,"Mat.","Custo"]
[null,"Ferramentas manuais ",2000,{"v":5,"d":"5.00"},null,"x",{"$nulls":3},0.51]
[null,"(C)Total:",{"$nulls":9},{"$f":"J22","v":0.51}]
[]
[null,"Custo Horário da Execução (A) + (B) + (C)",{"$nulls":7},{"$f":"TRUNC(L15+L19+L23,2)","v":118.12}]
[null,"(D) Produção da Equipe",{"$nulls":7},{"v":30,"d":"30.0000"}]
[null,"(E) Custo Unitário da Execução [(A) + (B) + (C)] / (D)",{"$nulls":7},{"$f":"TRUNC(J25/J26,2)","v":3.93}]
[]
[null,"(F)Materiais","Código padrão","Unid.",null,"Custo Unitário",null,null,"Consumo",null,null,"Custo Unitário"]
[null,"Desengraxante alcalino (Solupan)",10208,"kg",null,{"v":5.2,"d":"5.2000"},null,null,{"v":0.65,"d":"0.6500"},null,null,3.38]
[null,"Escova de Aço 18 x 6 cm",10207,"ud",null,{"v":7,"d":"7.0000"},null,null,{"v":0.3,"d":"0.3000"},null,null,{"$f":"F31*I31","v":2.1}]
[null,"(F)Total:",{"$nulls":9},{"$f":"SUM(L30:O31)","v":5.48}]
[]
[null,"(G)Serviços","Código padrão","Unid.",null,"Custo Unitário",null,null,"Consumo",null,null,"Custo Unitário"]
[null,"(G)Total:",{"$nulls":9},{"v":0,"d":"0.00"}]
[]
[null,"(H)Itens de Transporte","Código padrão","Unid.","Fórmula",{"$nulls":3},"XP","XR","Custo",null,"Consumo",null,"Custo Unit."]
[null,"(H)Total:",{"$nulls":9},{"v":0,"d":"0.00"}]
[]
[null,"Custo Direto Total (E) + (F) + (G) + (H)",{"$nulls":9},{"$f":"TRUNC(J27+L32+L35+L38,2)","v":9.41}]
[null,"BDI :23,32%",{"$nulls":9},{"$f":"TRUNC(L40*0.2332,2)","v":2.19}]
[null,"Preço Unitário Total",{"$nulls":9},{"$f":"SUM(L40:O41)","v":{"v":11.6,"d":"11.60"}}]

{"sheet":"01-102069","index":2,"n_rows":40,"n_cols":20,"rows_kept":40,"merged":[[1,1,1,14],[2,1,2,14],[3,1,3,14],[4,1,4,14],[5,1,5,14],[6,1,7,14],[8,1,8,14],[9,1,9,14],[10,3,10,4],[10,5,10,6],[10,8,10,9],[10,10,10,12],[10,13,10,14],[11,3,11,4],[11,5,11,6],[11,8,11,9],[11,10,11,12],[11,13,11,14],[12,3,12,4],[12,5,12,6],[12,8,12,9],[12,10,12,12],[12,13,12,14],[13,3,13,4],[13,5,13,6],[13,8,13,9],[13,10,13,12],[13,13,13,14],[14,1,14,10],[14,11,14,14],[15,3,15,4],[15,5,15,6],[15,8,15,9],[15,10,15,12],[15,13,15,14],[16,3,16,4],[16,5,16,6],[16,8,16,12],[16,13,16,14],[17,3,17,4],[17,5,17,6],[17,8,17,12],[17,13,17,14],[18,1,18,10],[18,11,18,14],[20,3,20,4],[20,6,20,7],[20,9,20,14],[21,3,21,4],[21,6,21,7],[21,9,21,14],[22,1,22,10],[22,11,22,14],[24,1,24,8],[24,9,24,14],[25,1,25,8],[25,9,25,14],[26,1,26,8],[26,9,26,14],[28,3,28,4],[28,5,28,7],[28,8,28,10],[28,11,28,14],[29,1,29,10],[29,11,29,14],[31,3,31,4],[31,5,31,7],[31,8,31,10],[31,11,31,14],[32,1,32,10],[32,11,32,14],[34,4,34,7],[34,10,34,11],[34,12,34,13],[35,1,35,10],[35,11,35,14],[37,1,37,10],[37,11,37,14],[38,1,38,10],[38,11,38,14],[39,1,39,10],[39,11,39,14]]}
[]
[]
[null,"COMPOSIÇÃO DE PREÇO UNITÁRIO DE SERVIÇO"]
[]
[]
[null,"Data Base :Novembro/2019"]
[null,"Serviço:102069  -Limpeza em superfície de concreto com jateamento d'água sob pressão"]
[]
[]
[null,"Unidade: M2"]
[null,"(A)Equipamento","Código padrão","Quantidade",null,"Ut.Pr",null,"Ut. Impr","Vl. Hr. Prod",null,"Vl. Hr. Imp",null,null,"Custo Horário",{"$nulls":3},"5 ENERGIA 18,30 15,08"]
[null,"Caminhão tanque L 1319/48 PBT=12,9t (6.000L)",30007,{"v":1,"d":"1.0000"},null,{"v":0.41,"d":"0.4100"},null,{"$f":"1-F12","v":{"v":0.5900000000000001,"d":"0.5900"}},165.26,null,49.05,null,null,96.68]
[null,"Conjunto moto bomba diam. 4\"",30080,{"v":1,"d":"1.0000"},null,{"v":0.41,"d":"0.4100"},null,{"$f":"1-F13","v":{"v":0.5900000000000001,"d":"0.5900"}},18.52,null,12.62,null,null,15.03]
[null,"Máquina de hidrojateamento",30147,{"v":1,"d":"1.0000"},null,{"v":1,"d":"1.0000"},null,{"v":0,"d":"0.0000"},47.66,null,14.92,null,null,47.66]
[null,"(A)Total:",{"$nulls":9},{"$f":"SUM(N12:O14)","v":159.37}]
[]
[null,"(B)Mão-de-Obra","Código padrão","Eq. Salarial",null,"Encargos(%)",null,"Sal/Hora","Consumo",{"$nulls":4},"Custo Horário"]
[null,"Servente",20002,{"v":1,"d":"1.00"},null,157.27,null,{"v":12.1,"d":"12.10"},{"v":1,"d":"1.0000"},{"$nulls":4},{"$f":"TRUNC(I18*H18,2)","v":{"v":12.1,"d":"12.10"}}]
[null,"(B)Total:",{"$nulls":9},{"$f":"SUM(N18:O18)","v":{"v":12.1,"d":"12.10"}}]
[]
[null,"(C)Itens de Incidência","Código padrão","%",null,"M. O.","Equip.",null,"Mat.","Custo",{"$nulls":7},2.17]
[null,"Ferramentas manuais ",2000,5,null,"x",{"$nulls":3},0.6]
[null,"(C)Total:",{"$nulls":9},{"v":0.6,"d":"0.60"}]
[]
[null,"Custo Horário da Execução (A) + (B) + (C)",{"$nulls":7},{"$f":"(L23+L19+L15)","v":172.07}]
[null,"(D) Produção da Equipe",{"$nulls":7},{"v":56.27,"d":"56.270"}]
[null,"(E) Custo Unitário da Execução [(A) + (B) + (C)] / (D)",{"$nulls":7},3.05]
[{"$nulls":16},24,100]
[null,"(F)Materiais","Código padrão","Unid.",null,"Custo Unitário",null,null,"Consumo",null,null,"Custo Unitário",{"$nulls":5},5,null,{"$f":"(33.67*5)/100","v":1.6835000000000002}]
[null,"(F)Total:",{"$nulls":9},{"v":0,"d":"0.00"}]
[]
[null,"(G)Serviços","Código padrão","Unid.",null,"Custo Unitário",null,null,"Consumo",null,null,"Custo Unitário"]
[null,"(G)Total:",{"$nulls":9},{"v":0,"d":"0.00"}]
[]
[null,"(H)Itens de Transporte","Código padrão","Unid.","Fórmula",{"$nulls":3},"XP","XR","Custo",null,"Consumo",null,"Custo Unit.",null,{"$f":"L33+L30+L36+J27","v":3.05}]
[null,"(H)Total:",{"$nulls":9},{"v":0,"d":"0.00"}]
[]
[null,"Custo Direto Total (E) + (F) + (G) + (H)",{"$nulls":9},{"$f":"TRUNC(J27+L30+L33+L36,2)","v":3.05},{"$nulls":3},{"$f":"L38","v":3.05}]
[null,"BDI :23,32%",{"$nulls":9},{"$f":"TRUNC(L38*0.2332,2)","v":0.71}]
[null,"Preço Unitário Total",{"$nulls":9},{"$f":"TRUNC(L38+L39,2)","v":3.76}]

{"sheet":"01-43009","index":3,"n_rows":40,"n_cols":20,"rows_kept":40,"merged":[[1,1,1,14],[2,1,2,14],[3,1,3,14],[4,1,4,14],[5,1,5,14],[6,1,7,14],[8,1,8,14],[9,1,9,14],[10,3,10,4],[10,5,10,6],[10,8,10,9],[10,10,10,12],[10,13,10,14],[11,3,11,4],[11,5,11,6],[11,8,11,9],[11,10,11,12],[11,13,11,14],[12,3,12,4],[12,5,12,6],[12,8,12,9],[12,10,12,12],[12,13,12,14],[13,1,13,10],[13,11,13,14],[14,3,14,4],[14,5,14,6],[14,8,14,9],[14,10,14,12],[14,13,14,14],[15,3,15,4],[15,5,15,6],[15,8,15,12],[15,13,15,14],[16,3,16,4],[16,5,16,6],[16,8,16,12],[16,13,16,14],[17,3,17,4],[17,5,17,6],[17,8,17,12],[17,13,17,14],[18,1,18,10],[18,11,18,14],[20,3,20,4],[20,6,20,7],[20,9,20,14],[21,1,21,10],[21,11,21,14],[23,1,23,8],[23,9,23,14],[24,1,24,8],[24,9,24,14],[25,1,25,8],[25,9,25,14],[27,3,27,4],[27,5,27,7],[27,8,27,10],[27,11,27,14],[28,1,28,10],[28,11,28,14],[30,3,30,4],[30,5,30,7],[30,8,30,10],[30,11,30,14],[31,3,31,4],[31,5,31,7],[31,8,31,10],[31,11,31,14],[32,1,32,10],[32,11,32,14],[34,4,34,7],[34,10,34,11],[34,12,34,13],[35,1,35,10],[35,11,35,14],[37,1,37,10],[37,11,37,14],[38,1,38,10],[38,11,38,14],[39,1,39,10],[39,11,39,14]]}
[]
[]
[null,"COMPOSIÇÃO DE PREÇO UNITÁRIO DE SERVIÇO"]
[]
[]
[null,"Data Base :Novembro/2019"]
[null,"Serviço: 43009 -  Limpeza e preparo de superfície de aço em Vias Urbanas"]
[]
[]
[null,"Unidade: M2"]
[null,"(A)Equipamento","Código padrão","Quantidade",null,"Ut.Pr",null,"Ut. Impr","Vl. Hr. Prod",null,"Vl. Hr. Imp",null,null,"Custo Horário",{"$nulls":3},"5 ENERGIA 18,30 15,08"]
[null,"Compressor de ar XA 187/400 PCM, ATLAS ou equivalente",30059,{"v":1,"d":"1.0000"},null,{"v":0.3,"d":"0.3000"},null,{"v":0.7,"d":"0.7000"},111.46,null,21.48,null,null,48.46]
[null,"Máquina de jateamento de areia",30091,{"v":1,"d":"1.0000"},null,{"v":0.3,"d":"0.3000"},null,{"v":0.7,"d":"0.7000"},15.53,null,14.09,null,null,14.51]
[null,"(A)Total:",{"$nulls":9},{"$f":"SUM(N12:O13)","v":62.97}]
[]
[null,"(B)Mão-de-Obra","Código padrão","Eq. Salarial",null,"Encargos(%)",null,"Sal/Hora","Consumo",{"$nulls":4},"Custo Horário"]
[null,"Oficial",20099,1.65,null,157.27,null,19.97,{"v":0.3,"d":"0.3000"},{"$nulls":4},{"$f":"TRUNC(I17*H17,2)","v":5.99}]
[null,"Servente",20002,{"v":1,"d":"1.00"},null,157.27,null,{"v":12.1,"d":"12.10"},{"v":0.15,"d":"0.1500"},{"$nulls":4},1.81]
[null,"(B)Total:",{"$nulls":9},{"$f":"SUM(N17:O18)","v":{"v":7.800000000000001,"d":"7.80"}}]
[]
[null,"(C)Itens de Incidência","Código padrão","%",null,"M. O.","Equip.",null,"Mat.","Custo",{"$nulls":7},2.17]
[null,"(C)Total:",{"$nulls":9},{"v":0,"d":"0.00"}]
[]
[null,"Custo Horário da Execução (A) + (B) + (C)",{"$nulls":7},{"$f":"TRUNC(L19+L22+L14,2)","v":70.77}]
[null,"(D) Produção da Equipe",{"$nulls":7},{"v":0.83,"d":"0.830"}]
[null,"(E) Custo Unitário da Execução [(A) + (B) + (C)] / (D)",{"$nulls":7},{"$f":"TRUNC(J24/J25,2)","v":85.26}]
[{"$nulls":16},24,100]
[null,"(F)Materiais","Código padrão","Unid.",null,"Custo Unitário",null,null,"Consumo",null,null,"Custo Unitário",{"$nulls":5},5,null,{"$f":"(33.67*5)/100","v":1.6835000000000002}]
[null,"(F)Total:",{"$nulls":9},{"v":0,"d":"0.00"}]
[]
[null,"(G)Serviços","Código padrão","Unid.",null,"Custo Unitário",null,null,"Consumo",null,null,"Custo Unitário"]
[null,{"$f":"VLOOKUP(C32,[23]SERVIÇOS!$B$2:$F$1526,2,0)","v":"NADA"},0,{"$f":"VLOOKUP(C32,[23]SERVIÇOS!$B$2:$F$1526,3,0)","v":"NADA"},null,{"$f":"VLOOKUP(C32,[23]SERVIÇOS!$B$2:$F$1526,5,0)","v":{"v":0,"d":"0.000"}},{"$nulls":5},{"$f":"F32*I32","v":{"v":0,"d":"0.00"}}]
[null,"(G)Total:",{"$nulls":9},{"$f":"SUM(L32:O32)","v":{"v":0,"d":"0.00"}}]
[]
[null,"(H)Itens de Transporte","Código padrão","Unid.","Fórmula",{"$nulls":3},"XP","XR","Custo",null,"Consumo",null,"Custo Unit.",null,{"$f":"L33+L29+L36+J26","v":85.26}]
[null,"(H)Total:",{"$nulls":9},{"v":0,"d":"0.00"}]
[]
[null,"Custo Direto Total (E) + (F) + (G) + (H)",{"$nulls":9},{"$f":"TRUNC(J26+L29+L33+L36,2)","v":85.26},{"$nulls":3},{"$f":"L38","v":85.26}]
[null,"BDI :23,32%",{"$nulls":9},{"$f":"TRUNC(L38*0.2332,2)","v":19.88}]
[null,"Preço Unitário Total",{"$nulls":9},{"$f":"TRUNC(L38+L39,2)","v":105.14}]

{"sheet":"2-COMP.1","index":4,"n_rows":14,"n_cols":9,"rows_kept":14,"merged":[[0,4,0,5],[0,7,0,8],[1,0,2,1],[1,2,2,2],[1,3,2,4],[1,5,2,6],[1,8,2,8],[3,3,3,4],[3,5,3,6],[4,3,4,4],[4,5,4,6],[6,4,6,5],[7,4,7,5],[8,4,8,5],[9,4,9,5],[10,2,10,6],[11,4,11,6]]}
["COMP. 1","Recuperação de Alma de Pilar","BDI(%):",{"v":0.2332,"d":"23.32%"},"Data base:",null,"2019-11-01","Valores em reais (R$) Unidade: m"]
["MÃO DE OBRA",null,"UNIDADE","COEFICIENTE ",null,"PREÇO UNIT.",null,null,"VALOR TOTAL"]
[]
["88317 SINAPI ","Soldador com Encargos Complementares ","H",1.01636,null,24.82,null,null,{"$f":"F4*D4","v":{"v":25.226055199999998,"d":"25.2261"}}]
["88316 SINAPI ","Servente com Encargos Complementares","H",0.13091,null,15.78,null,null,{"$f":"F5*D5","v":{"v":2.0657598,"d":"2.0658"}}]
[{"$nulls":6},"Custo Total de Mão de Obra:",null,{"$f":"SUM(I4:I5)","v":{"v":27.291814999999996,"d":"27.2918"}}]
["MATERIAL",null,"UNIDADE",null,"QUANTIDADE",null,"PREÇO UNIT.",null,"VALOR TOTAL"]
["1335 SINAPI","Chapa de aço Grossa, ASTM A36, E=7/8\"(22,23) 174,28 KG/M²","KG",null,18.75,null,6.26,null,{"$f":"G8*E8","v":117.375}]
["10998 SINAPI","ELETRODO REVESTIDO AWS - E-6010, DIAMETRO IGUAL A 4,00 MM ","kg",null,4.5,null,19.91,null,{"$f":"G9*E9","v":89.595}]
["92717 SINAPI","APARELHO PARA CORTE E SOLDA OXI-ACETILENO SOBRE RODAS, INCLUSIVE CILINDROS  E MAÇARICOS - CHP DIURNO. AF_12/2015","CHP",null,0.065,null,17.94,null,{"$f":"G10*E10","v":1.1661000000000001}]
[null,null,"Custo total de Material:",{"$nulls":5},{"$f":"I8+I9+I10","v":208.1361}]
[{"$nulls":4},"Custo unitário direto total",{"$nulls":3},{"$f":"I11+I6","v":{"v":235.42791499999998,"d":"235.43"}}]
[{"$nulls":6},"BDI (%)",null,{"v":0.2332,"d":"23.32%"}]
[{"$nulls":6},"Custo total com BDI",null,{"$f":"(I12*1.2332)","v":{"v":290.329704778,"d":"290.33"}}]

{"sheet":"2-COMP.2","index":5,"n_rows":14,"n_cols":9,"rows_kept":14,"merged":[[0,4,0,5],[0,7,0,8],[1,0,2,1],[1,2,2,2],[1,3,2,4],[1,5,2,6],[1,8,2,8],[3,3,3,4],[3,5,3,6],[4,3,4,4],[4,5,4,6],[6,4,6,5],[7,4,7,5],[8,4,8,5],[9,4,9,5],[10,2,10,6],[11,4,11,6],[27,4,41,18]]}
["COMP. 2","Recuperação do Perfil Superior da Ponte ","BDI(%):",{"v":0.2332,"d":"23.32%"},"Data base:",null,"2019-11-01","Valores em reais (R$) Unidade: m"]
["MÃO DE OBRA",null,"UNIDADE","COEFICIENTE ",null,"PREÇO UNIT.",null,null,"VALOR TOTAL"]
[]
["88317 SINAPI ","Soldador com Encargos Complementares ","H",1.01636,null,24.82,null,null,{"$f":"F4*D4","v":{"v":25.226055199999998,"d":"25.2261"}}]
["88316 SINAPI","Servente com Encargos Complementares","H",0.13091,null,15.78,null,null,{"$f":"F5*D5","v":{"v":2.0657598,"d":"2.0658"}}]
[{"$nulls":6},"Custo Total de Mão de Obra:",null,{"$f":"SUM(I4:I5)","v":{"v":27.291814999999996,"d":"27.2918"}}]
["MATERIAL",null,"UNIDADE",null,"QUANTIDADE",null,"PREÇO UNIT.",null,"VALOR TOTAL"]
["40598 SINAPI","PERFIL UDC (\"U\" DOBRADO DE CHAPA) SIMPLES DE ACO LAMINADO, GALVANIZADO, ASTM A36, 127 X 50 MM, E= 3 MM","KG",null,13.5,null,6.13,null,{"$f":"G8*E8","v":82.755}]
["10998 SINAPI","ELETRODO REVESTIDO AWS - E-6010, DIAMETRO IGUAL A 4,00 MM ","kg",null,4.5,null,19.91,null,{"$f":"G9*E9","v":89.595}]
["92716 SINAPI","APARELHO PARA CORTE E SOLDA OXI-ACETILENO SOBRE RODAS, INCLUSIVE CILINDROS  E MAÇARICOS - CHP DIURNO. AF_12/2015","CHP",null,0.062,null,17.94,null,{"$f":"G10*E10","v":1.1122800000000002}]
[null,null,"Custo total de Material:",{"$nulls":5},{"$f":"I8+I9+I10","v":{"v":173.46228,"d":"173.4623"}}]
[{"$nulls":4},"Custo unitário direto total",{"$nulls":3},{"$f":"I11+I6","v":{"v":200.75409499999998,"d":"200.75"}}]
[{"$nulls":6},"BDI (%)",null,{"v":0.2332,"d":"23.32%"}]
[{"$nulls":6},"Custo total com BDI",null,{"$f":"(I12*1.2332)","v":{"v":247.56994995399998,"d":"247.57"}}]

{"sheet":"2-COMP.3","index":6,"n_rows":28,"n_cols":9,"rows_kept":28,"merged":[[0,4,0,5],[0,7,0,8],[1,0,2,1],[1,2,2,2],[1,3,2,4],[1,5,2,6],[1,8,2,8],[3,3,3,4],[3,5,3,6],[5,4,5,5],[6,2,6,6],[7,4,7,6]]}
["COMP. 3","Remoção de Guarda-corpo","BDI(%):",{"v":0.2332,"d":"23.32%"},"Data base:",null,"2019-11-01","Valores em reais (R$) Unidade: m"]
["MÃO DE OBRA",null,"UNIDADE","COEFICIENTE ",null,"PREÇO UNIT.",null,null,"VALOR TOTAL"]
[]
["88316 SINAPI","Servente com Encargos Complementares","H",{"v":1.5,"d":"1.50000"},null,15.78,null,null,{"$f":"F4*D4","v":{"v":23.669999999999998,"d":"23.6700"}}]
[{"$nulls":6},"Custo Total de Mão de Obra:",null,{"$f":"SUM(I4:I4)","v":{"v":23.669999999999998,"d":"23.6700"}}]
["MATERIAL",null,"UNIDADE",null,"QUANTIDADE",null,"PREÇO UNIT.",null,"VALOR TOTAL"]
[null,null,"Custo total de Material:",{"$nulls":5},{"v":0,"d":"0.0000"}]
[{"$nulls":4},"Custo unitário direto total",{"$nulls":3},{"$f":"I7+I5","v":{"v":23.669999999999998,"d":"23.67"}}]
[{"$nulls":6},"BDI (%)",null,{"v":0.2332,"d":"23.32%"}]
[{"$nulls":6},"Custo total com BDI",null,{"$f":"(I8*1.2332)","v":{"v":29.189844,"d":"29.19"}}]
{"$rows_empty":17}
[null,"Remoção de Guarda-corpo"]

{"sheet":"2-190418","index":7,"n_rows":30,"n_cols":11,"rows_kept":30,"merged":[[0,1,0,10],[1,0,3,10],[4,0,5,10],[6,0,7,10],[11,2,11,7],[13,0,13,1],[14,0,14,1],[15,0,15,1],[16,0,16,1],[20,3,20,4]]}
[null,"GOVERNO DO ESTADO DO ESPÍRITO SANTO\nSecretaria de Estado de Mobilidade e Infraestrutura - SEMOBI\nDepartamento de Edificações e de Rodovias do Estado do Espírito Santo - DER-ES\nRelatório de Composição de Preços Unitários do Orçamento"]
["Orçamento: 955301 - TABELA CUSTOS LABOR/CT-UFES PADRÃO DER FEVEREIRO/2020(LS=157,27; BDI=0%)\nÓrgão Cliente: DER-ES              Órgão Gerente:DER-ES                                   Data Base: Novembro/2019"]
[]
[]
["Planilha: 1 - TABELA CUSTOS LABOR/CT-UFES PADRÃO DER FEVEREIRO/2020(LS=157,27; BDI=0%)"]
[]
["Item: 190418 - Pintura de superfície metálica com uma demão de primer Epoxi e duas demãos de tinta à base de Epoxi                                    Unidade: m2\nBase: LABOR                                                  Código Base: 190418                                                                Fonte: LABOR Versão: 1"]
[]
[" MÃO DE OBRA",null,"unid.","Codigo","Coefic.","C.Prod.","Pr. Prod.","Pr. Improd.","Pr. Unit.","Fator Ac.","Subtotal"]
["AJUDANTE (LABOR)",null,"h",10101,0.2,1,5.67,0,14.59,"-",2.918]
["PINTOR (LABOR)",null,"h",10140,0.4,1,6.72,0,17.29,"-",6.916]
[null,null,"Subtotal:",{"$nulls":7},{"$f":"SUM(K10:K11)","v":{"v":9.834,"d":"9.8340"}}]
["MATERIAL",null,"unid.","Codigo","Coefic.","C.Prod.","Pr. Prod.","Pr. Improd.","Pr. Unit.","Fator Ac.","Subtotal"]
["PRIMER A BASE DE EPOXI (LABOR)",null,"L",38021,0.11,1,53.11,0,53.11,"-",5.842]
["SOLVENTE PARA TINTA A BASE DE EPOXI (LABOR)",null,"L",37564,0.02,1,22.55,0,22.55,"-",0.451]
["TINTA EPOXI PARA ACABAMENTO (LABOR)",null,"L",37509,0.18,1,64.48,0,64.48,"-",11.606]
["TRINCHA 2\" (LABOR)",null,"UM",38024,0.08,1,4.81,0,4.81,"-",{"v":0.385,"d":"0.3850"}]
[{"$nulls":7},"Subtotal:",null,null,{"$f":"SUM(K14:K17)","v":{"v":18.284000000000002,"d":"18.28"}}]
[]
["RESUMO"]
["DISCRIMINAÇÃO",null,"TAXA (%)","VALORES"]
["Mão-de-Obra (A)",null,{"v":1.5727,"d":"157.27%"},null,9.83]
["Materiais (B)",{"$nulls":3},18.28]
["Equipamentos (C)",{"$nulls":3},0]
["Produção da Equipe (D)",{"$nulls":3},1]
["Custo Horário Total (A+C)",{"$nulls":3},9.83]
["Custo Unitário da Execução [ (A/D) + (C/D) ] = E",{"$nulls":3},9.83]
["Custo Direto Total (B+E)",{"$nulls":3},{"$f":"E22+E23","v":28.11}]
["Bonificação e Despesas Indiretas - BDI",null,{"v":0.2332,"d":"23.32%"},null,{"$f":"E28*0.2332","v":{"v":6.555251999999999,"d":"6.56"}}]
["CUSTO UNITÁRIO (Adotado)",{"$nulls":3},{"$f":"E28+E29","v":{"v":34.665251999999995,"d":"34.67"}}]

{"sheet":"2-190602","index":8,"n_rows":27,"n_cols":11,"rows_kept":27,"merged":[[0,1,0,10],[1,0,3,10],[4,0,5,10],[6,0,7,10],[11,2,11,7],[13,0,13,1],[17,3,17,4]]}
[null,"GOVERNO DO ESTADO DO ESPÍRITO SANTO\nSecretaria de Estado de Mobilidade e Infraestrutura - SEMOBI\nDepartamento de Edificações e de Rodovias do Estado do Espírito Santo - DER-ES\nRelatório de Composição de Preços Unitários do Orçamento"]
["Orçamento: 955301 - TABELA CUSTOS LABOR/CT-UFES PADRÃO DER FEVEREIRO/2020(LS=157,27; BDI=0%)\nÓrgão Cliente: DER-ES              Órgão Gerente:DER-ES                                   Data Base: Novembro/2019"]
[]
[]
["Planilha: 1 - TABELA CUSTOS LABOR/CT-UFES PADRÃO DER FEVEREIRO/2020(LS=157,27; BDI=0%)"]
[]
["Item: 190602 - Pintura com tinta à base de resinas acrílicas, marcas de referência Suvinil, Coral ou Metalatex, sobre piso de concreto, a duas demãos                             Unidade: m2\nBase: LABOR                                                  Código Base: 190418                                                                Fonte: LABOR Versão: 1"]
[]
[" MÃO DE OBRA",null,"unid.","Codigo","Coefic.","C.Prod.","Pr. Prod.","Pr. Improd.","Pr. Unit.","Fator Ac.","Subtotal"]
["AJUDANTE (LABOR)",null,"h",10101,0.3,1,5.67,0,14.59,"-",4.37]
["PINTOR (LABOR)",null,"h",10140,1.2,1,6.72,0,17.29,"-",{"v":20.748,"d":"20.75"}]
[null,null,"Subtotal:",{"$nulls":7},{"$f":"SUM(K10:K11)","v":{"v":25.118000000000002,"d":"25.12"}}]
["MATERIAL",null,"unid.","Codigo","Coefic.","C.Prod.","Pr. Prod.","Pr. Improd.","Pr. Unit.","Fator Ac.","Subtotal"]
["TINTA A BASE DE EMULSAO ACRILICA (PARA PISOS) (LABOR)",null,"L",37517,0.3,1,11.7,0,11.7,"-",3.51]
[{"$nulls":7},"Subtotal:",null,null,{"$f":"SUM(K14:K14)","v":3.51}]
[]
["RESUMO"]
["DISCRIMINAÇÃO",null,"TAXA (%)","VALORES"]
["Mão-de-Obra (A)",null,{"v":1.5727,"d":"157.27%"},null,25.12]
["Materiais (B)",{"$nulls":3},3.51]
["Equipamentos (C)",{"$nulls":3},0]
["Produção da Equipe (D)",{"$nulls":3},1]
["Custo Horário Total (A+C)",{"$nulls":3},25.13]
["Custo Unitário da Execução [ (A/D) + (C/D) ] = E",{"$nulls":3},25.13]
["Custo Direto Total (B+E)",{"$nulls":3},28.64]
["Bonificação e Despesas Indiretas - BDI",null,{"v":0.2332,"d":"23.32%"},null,{"$f":"E25*0.2332","v":{"v":6.6788479999999995,"d":"6.68"}}]
["CUSTO UNITÁRIO (Adotado)",{"$nulls":3},{"$f":"E25+E26","v":{"v":35.318848,"d":"35.32"}}]

{"sheet":"03-41403","index":9,"n_rows":48,"n_cols":25,"rows_kept":48,"merged":[[1,1,1,14],[2,1,2,14],[3,1,3,14],[4,1,4,14],[5,1,5,14],[6,1,7,14],[8,1,8,14],[9,1,9,14],[10,3,10,4],[10,5,10,6],[10,8,10,9],[10,10,10,12],[10,13,10,14],[11,3,11,4],[11,5,11,6],[11,8,11,9],[11,10,11,12],[11,13,11,14],[12,3,12,4],[12,5,12,6],[12,8,12,9],[12,10,12,12],[12,13,12,14],[13,1,13,10],[13,11,13,14],[14,3,14,4],[14,5,14,6],[14,8,14,9],[14,10,14,12],[14,13,14,14],[15,3,15,4],[15,5,15,6],[15,8,15,12],[15,13,15,14],[16,3,16,4],[16,5,16,6],[16,8,16,12],[16,13,16,14],[17,3,17,4],[17,5,17,6],[17,8,17,12],[17,13,17,14],[18,3,18,4],[18,5,18,6],[18,8,18,12],[18,13,18,14],[19,1,19,10],[19,11,19,14],[21,3,21,4],[21,6,21,7],[21,9,21,14],[22,3,22,4],[22,6,22,7],[22,9,22,14],[23,1,23,10],[23,11,23,14],[25,1,25,8],[25,9,25,14],[26,1,26,8],[26,9,26,14],[27,1,27,8],[27,9,27,14],[29,3,29,4],[29,5,29,7],[29,8,29,10],[29,11,29,14],[30,3,30,4],[30,5,30,7],[30,8,30,10],[30,11,30,14],[31,3,31,4],[31,5,31,7],[31,8,31,10],[31,11,31,14],[32,3,32,4],[32,5,32,7],[32,8,32,10],[32,11,32,14],[33,3,33,4],[33,5,33,7],[33,8,33,10],[33,11,33,14],[34,3,34,4],[34,5,34,7],[34,8,34,10],[34,11,34,14],[35,3,35,4],[35,5,35,7],[35,8,35,10],[35,11,35,14],[36,1,36,10],[36,11,36,14],[38,3,38,4],[38,8,38,10],[38,11,38,14],[39,3,39,4],[39,5,39,7],[39,8,39,10],[39,11,39,14],[40,1,40,10],[40,11,40,14],[42,4,42,7],[42,10,42,11],[42,12,42,13],[43,1,43,10],[43,11,43,14],[45,1,45,10],[45,11,45,14],[46,1,46,10],[46,11,46,14],[47,1,47,10],[47,11,47,14]]}
[]
[]
[null,"COMPOSIÇÃO DE PREÇO UNITÁRIO DE SERVIÇO"]
[]
[]
[null,"Data Base :Novembro/2019"]
[null,"Serviço: 41403 -  Passarela metálica p/ pontes rodoviárias com 1,0m de largura, piso em chapa xadrez esp 1/4\", em\nperfis laminados, inclusive pintura",{"$nulls":22},"\n"]
[]
[]
[null,"Unidade: m"]
[null,"(A)Equipamento","Código padrão","Quantidade",null,"Ut.Pr",null,"Ut. Impr","Vl. Hr. Prod",null,"Vl. Hr. Imp",null,null,"Custo Horário",{"$nulls":3},"5 ENERGIA 18,30 15,08"]
[null,"Caminhão carroceria L 1319 PBT=13,9t (TOCO 8,0t)",30005,{"v":1,"d":"1.0000"},null,{"v":0.3,"d":"0.3000"},null,{"v":0.7,"d":"0.7000"},160.37,null,{"v":46.3,"d":"46.30"},null,null,80.52]
[null,"Guindauto 6t, Madal-Palfinger ou equivalente",30130,{"v":1,"d":"1.0000"},null,{"v":0.3,"d":"0.3000"},null,{"v":0.7,"d":"0.7000"},22.78,null,21.65,null,null,21.98]
[null,"(A)Total:",{"$nulls":9},{"$f":"SUM(N12:O13)","v":{"v":102.5,"d":"102.50"}}]
[]
[null,"(B)Mão-de-Obra","Código padrão","Eq. Salarial",null,"Encargos(%)",null,"Sal/Hora","Consumo",{"$nulls":4},"Custo Horário"]
[null,"Encarregado O.A.E.",20062,2.26,null,157.27,null,27.35,{"v":1,"d":"1.0000"},{"$nulls":4},27.35]
[null,"Montador",20096,1.96,null,157.27,null,"23,,72",{"v":2,"d":"2.0000"},{"$nulls":4},47.44]
[null,"Servente ",20002,{"v":1,"d":"1.00"},null,157.27,null,12.1,{"v":2,"d":"2.0000"},{"$nulls":4},24.2]
[null,"(B)Total:",{"$nulls":9},{"$f":"SUM(N17:O19)","v":98.99}]
[]
[null,"(C)Itens de Incidência","Código padrão","%",null,"M. O.","Equip.",null,"Mat.","Custo",{"$nulls":7},2.17]
[null,"Ferramentas manuais ",2000,{"v":5,"d":"5.00000"},null,"x",{"$nulls":3},4.94]
[null,"(C)Total:",{"$nulls":9},{"$f":"J23","v":4.94}]
[]
[null,"Custo Horário da Execução (A) + (B) + (C)",{"$nulls":7},{"$f":"TRUNC(L20+L24+L14,2)","v":206.43}]
[null,"(D) Produção da Equipe",{"$nulls":7},{"v":1.5,"d":"1.500"}]
[null,"(E) Custo Unitário da Execução [(A) + (B) + (C)] / (D)",{"$nulls":7},{"$f":"TRUNC(J26/J27,2)","v":137.62}]
[{"$nulls":16},24,100]
[null,"(F)Materiais","Código padrão","Unid.",null,"Custo Unitário",null,null,"Consumo",null,null,"Custo Unitário",{"$nulls":5},5,null,{"$f":"(33.67*5)/100","v":1.6835000000000002}]
[null,"Cantoneira de aço seção - 2\" X 2\" x 1/8\" ",10143,"kg",null,4.16,null,null,5.11,null,null,21.25]
[null,"Cantoneira de aço seçao - 3\" X 3\" X 3/8\"",10145,"kg",null,4.98,null,null,16.94,null,null,84.36]
[null,"Chapa de aço 3/8\" ",10150,"kg",null,6.67,null,null,3.3,null,null,22.01]
[null,"Chapa xadrez espessura=1/4\"",10854,"kg",null,7.89,null,null,61.2,null,null,482.86]
[null,"Eletrodo para soldas - OK 4804",10185,"kg",null,{"v":19,"d":"19.00"},null,null,0.15,null,null,2.85]
[null,"Perfil metálico seção I",10179,"kg",null,5.56,null,null,7.98,null,null,44.36]
[null,"(F)Total:",{"$nulls":9},657.69]
[]
[null,"(G)Serviços","Código padrão","Unid.",null,"Custo Unitário",null,null,"Consumo",null,null,"Custo Unitário"]
[null,"Pintura em estrutura metálica com tinta epoxídica  inclusive primer",41404,"m²",null,27.87,null,null,2.188,null,null,60.97]
[null,"(G)Total:",{"$nulls":9},{"$f":"L40","v":60.97}]
[]
[null,"(H)Itens de Transporte","Código padrão","Unid.","Fórmula",{"$nulls":3},"XP","XR","Custo",null,"Consumo",null,"Custo Unit.",null,{"$f":"L41+L37+L44+J28","v":{"v":856.2800000000001,"d":"856.28"}}]
[null,"(H)Total:",{"$nulls":9},{"v":0,"d":"0.00"}]
[]
[null,"Custo Direto Total (E) + (F) + (G) + (H)",{"$nulls":9},{"$f":"J28+L37+L41","v":{"v":856.2800000000001,"d":"856.28"}},{"$nulls":3},{"$f":"L46","v":{"v":856.2800000000001,"d":"856.28"}}]
[null,"BDI :23,32%",{"$nulls":9},{"$f":"TRUNC(L46*0.2332,2)","v":199.68}]
[null,"Preço Unitário Total",{"$nulls":9},{"$f":"TRUNC(L46+L47,2)","v":{"v":1055.96,"d":"1,055.96"}}]

{"sheet":"03-COMP. 4","index":10,"n_rows":44,"n_cols":25,"rows_kept":44,"merged":[[1,1,1,14],[2,1,2,14],[3,1,3,14],[4,1,4,14],[5,1,5,14],[6,1,7,14],[8,1,8,14],[9,1,9,14],[10,3,10,4],[10,5,10,6],[10,8,10,9],[10,10,10,12],[10,13,10,14],[11,1,11,10],[11,11,11,14],[12,3,12,4],[12,5,12,6],[12,8,12,9],[12,10,12,12],[12,13,12,14],[13,3,13,4],[13,5,13,6],[13,8,13,12],[13,13,13,14],[14,3,14,4],[14,5,14,6],[14,8,14,12],[14,13,14,14],[15,3,15,4],[15,5,15,6],[15,8,15,12],[15,13,15,14],[16,3,16,4],[16,5,16,6],[16,8,16,12],[16,13,16,14],[17,1,17,10],[17,11,17,14],[19,3,19,4],[19,6,19,7],[19,9,19,14],[20,3,20,4],[20,6,20,7],[20,9,20,14],[21,1,21,10],[21,11,21,14],[23,1,23,8],[23,9,23,14],[24,1,24,8],[24,9,24,14],[25,1,25,8],[25,9,25,14],[27,3,27,4],[27,5,27,7],[27,8,27,10],[27,11,27,14],[28,3,28,4],[28,5,28,7],[28,8,28,10],[28,11,28,14],[29,3,29,4],[29,5,29,7],[29,8,29,10],[29,11,29,14],[30,3,30,4],[30,5,30,7],[30,8,30,10],[30,11,30,14],[31,3,31,4],[31,5,31,7],[31,8,31,10],[31,11,31,14],[32,1,32,10],[32,11,32,14],[34,3,34,4],[34,8,34,10],[34,11,34,14],[35,3,35,4],[35,5,35,7],[35,8,35,10],[35,11,35,14],[36,1,36,10],[36,11,36,14],[38,4,38,7],[38,10,38,11],[38,12,38,13],[39,1,39,10],[39,11,39,14],[41,1,41,10],[41,11,41,14],[42,1,42,10],[42,11,42,14],[43,1,43,10],[43,11,43,14]]}
[]
[]
[null,"COMPOSIÇÃO DE PREÇO UNITÁRIO DE SERVIÇO"]
[]
[]
[null,"Data Base :Novembro/2019"]
[null,"Serviço: COMP. 4 -  Guarda corpo Passarela metálica ",{"$nulls":22},"\n"]
[]
[]
[null,"Unidade: m"]
[null,"(A)Equipamento","Código padrão","Quantidade",null,"Ut.Pr",null,"Ut. Impr","Vl. Hr. Prod",null,"Vl. Hr. Imp",null,null,"Custo Horário",{"$nulls":3},"5 ENERGIA 18,30 15,08"]
[null,"(A)Total:",{"$nulls":9},{"v":0,"d":"0.00"}]
[]
[null,"(B)Mão-de-Obra","Código padrão","Eq. Salarial",null,"Encargos(%)",null,"Sal/Hora","Consumo",{"$nulls":4},"Custo Horário"]
[null,"Encarregado O.A.E.",20062,2.26,null,157.27,null,27.35,{"v":1,"d":"1.0000"},{"$nulls":4},{"$f":"I15*H15","v":27.35}]
[null,"Montador",20096,1.96,null,157.27,null,23.72,{"v":2,"d":"2.0000"},{"$nulls":4},{"$f":"I16*H16","v":47.44}]
[null,"Servente ",20002,{"v":1,"d":"1.00"},null,157.27,null,12.1,{"v":2,"d":"2.0000"},{"$nulls":4},24.2]
[null,"(B)Total:",{"$nulls":9},{"$f":"SUM(N15:O17)","v":98.99}]
[]
[null,"(C)Itens de Incidência","Código padrão","%",null,"M. O.","Equip.",null,"Mat.","Custo",{"$nulls":7},2.17]
[null,"Ferramentas manuais ",2000,{"v":5,"d":"5.00000"},null,"x",{"$nulls":3},4.76]
[null,"(C)Total:",{"$nulls":9},4.76]
[]
[null,"Custo Horário da Execução (A) + (B) + (C)",{"$nulls":7},{"$f":"TRUNC(L18+L22+L12,2)","v":103.75}]
[null,"(D) Produção da Equipe",{"$nulls":7},{"v":1.5,"d":"1.500"}]
[null,"(E) Custo Unitário da Execução [(A) + (B) + (C)] / (D)",{"$nulls":7},{"$f":"TRUNC(J24/J25,2)","v":69.16}]
[{"$nulls":16},24,100]
[null,"(F)Materiais","Código padrão","Unid.",null,"Custo Unitário",null,null,"Consumo",null,null,"Custo Unitário",{"$nulls":5},5,null,{"$f":"(33.67*5)/100","v":1.6835000000000002}]
[null,"Cantoneira de aço seção - 2\" X 2\" x 1/8\" ",10143,"kg",null,5.11,null,null,3.27,null,null,{"$f":"I29*F29","v":16.7097}]
[null,"PERFIL \"U\" ENRIJECIDO 200 X 75 X 25 X 2,65MM (7,92KG/M)",10150,"kg",null,6.67,null,null,51.16,null,null,{"$f":"I30*F30","v":341.2372}]
[null,"TELA ARAME GALV. MALHA # 1\" QUADRADA - FIO N.12 BWG",10854,"M²",null,40.16,null,null,1.8,null,null,72.288]
[null,"Eletrodo para soldas - OK 4804",10185,"kg",null,{"v":19,"d":"19.00"},null,null,0.3,null,null,5.7]
[null,"(F)Total:",{"$nulls":9},{"$f":"SUM(L29:O32)","v":{"v":435.93489999999997,"d":"435.93"}}]
[]
[null,"(G)Serviços","Código padrão","Unid.",null,"Custo Unitário",null,null,"Consumo",null,null,"Custo Unitário"]
[null,"Pintura em estrutura metálica com tinta epoxídica  inclusive primer",41404,"m²",null,27.87,null,null,1.5,null,null,{"$f":"F36*I36","v":{"v":41.805,"d":"41.81"}}]
[null,"(G)Total:",{"$nulls":9},{"$f":"L36","v":{"v":41.805,"d":"41.81"}}]
[]
[null,"(H)Itens de Transporte","Código padrão","Unid.","Fórmula",{"$nulls":3},"XP","XR","Custo",null,"Consumo",null,"Custo Unit.",null,{"$f":"L37+L33+L40+J26","v":{"v":546.8999,"d":"546.90"}}]
[null,"(H)Total:",{"$nulls":9},{"v":0,"d":"0.00"}]
[]
[null,"Custo Direto Total (E) + (F) + (G) + (H)",{"$nulls":9},{"$f":"J26+L33+L37","v":{"v":546.8998999999999,"d":"546.90"}},{"$nulls":3},{"$f":"L42","v":{"v":546.8998999999999,"d":"546.90"}}]
[null,"BDI :23,32%",{"$nulls":9},{"$f":"TRUNC(L42*0.2332,2)","v":127.53}]
[null,"Preço Unitário Total",{"$nulls":9},{"$f":"TRUNC(L42+L43,2)","v":674.42}]

{"sheet":"3-040202","index":11,"n_rows":30,"n_cols":11,"rows_kept":30,"merged":[[0,1,0,10],[1,0,3,10],[4,0,5,10],[6,0,7,10],[11,2,11,7],[13,0,13,1],[14,0,14,1],[15,0,15,1],[16,0,16,1],[20,3,20,4]]}
[null,"GOVERNO DO ESTADO DO ESPÍRITO SANTO\nSecretaria de Estado de Mobilidade e Infraestrutura - SEMOBI\nDepartamento de Edificações e de Rodovias do Estado do Espírito Santo - DER-ES\nRelatório de Composição de Preços Unitários do Orçamento"]
["Orçamento: 040202 - TABELA CUSTOS LABOR/CT-UFES PADRÃO DER FEVEREIRO/2020(LS=157,27; BDI=0%)\nÓrgão Cliente: DER-ES              Órgão Gerente:DER-ES                                   Data Base: Novembro/2019"]
[]
[]
["Planilha: 1 - TABELA CUSTOS LABOR/CT-UFES PADRÃO DER FEVEREIRO/2020(LS=157,27; BDI=0%)"]
[]
["Item: 040202 - Fornecimento, preparo e aplicação de concreto ciclópico Fck=15MPa com 30% de pedra de mão                                 Unidade: m³\nBase: LABOR                                                  Código Base: 040202                                                             Fonte: LABOR Versão: 1"]
[]
[" MÃO DE OBRA",null,"unid.","Codigo","Coefic.","C.Prod.","Pr. Prod.","Pr. Improd.","Pr. Unit.","Fator Ac.","Subtotal"]
["PEDREIRO (LABOR)",null,"h",10139,2,1,6.72,0,17.29,"-",34.58]
["SERVENTE (LABOR)",null,"h",10146,16,1,4.94,0,12.71,"-",203.36]
[null,null,"Subtotal:",{"$nulls":7},{"$f":"SUM(K10:K11)","v":{"v":237.94,"d":"237.9400"}}]
["MATERIAL",null,"unid.","Codigo","Coefic.","C.Prod.","Pr. Prod.","Pr. Improd.","Pr. Unit.","Fator Ac.","Subtotal"]
["AREIA LAVADA MEDIA (LABOR)",null,"M³",20503,0.646,1,63.75,0,63.75,"-",41.183]
["BRITA 2 (LABOR)",null,"M³",20518,0.585,1,83.3,0,83.3,"-",48.731]
["CIMENTO PORTLAND CP III - 40 (LABOR)",null,"KG",20508,196,1,0.32,0,0.32,"-",62.72]
["PEDRA DE MAO (RACHAO) (LABOR)",null,"M³",20521,0.4,1,77.93,0,77.93,"-",{"v":31.172,"d":"31.1720"}]
[{"$nulls":7},"Subtotal:",null,null,{"$f":"SUM(K14:K17)","v":{"v":183.806,"d":"183.81"}}]
[]
["RESUMO"]
["DISCRIMINAÇÃO",null,"TAXA (%)","VALORES"]
["Mão-de-Obra (A)",null,{"v":1.5727,"d":"157.27%"},null,237.94]
["Materiais (B)",{"$nulls":3},183.81]
["Equipamentos (C)",{"$nulls":3},6.27]
["Produção da Equipe (D)",{"$nulls":3},1]
["Custo Horário Total (A+C)",{"$nulls":3},244.21]
["Custo Unitário da Execução [ (A/D) + (C/D) ] = E",{"$nulls":3},244.21]
["Custo Direto Total (B+E)",{"$nulls":3},428.02]
["Bonificação e Despesas Indiretas - BDI",null,{"v":0.2332,"d":"23.32%"},null,{"$f":"E28*0.2332","v":{"v":99.814264,"d":"99.81"}}]
["CUSTO UNITÁRIO (Adotado)",{"$nulls":3},{"$f":"E28+E29","v":{"v":527.834264,"d":"527.83"}}]

{"sheet":"3-040238","index":12,"n_rows":30,"n_cols":11,"rows_kept":30,"merged":[[0,1,0,10],[1,0,3,10],[4,0,5,10],[6,0,7,10],[11,2,11,7],[13,0,13,1],[14,0,14,1],[15,0,15,1],[16,0,16,1],[20,3,20,4]]}
[null,"GOVERNO DO ESTADO DO ESPÍRITO SANTO\nSecretaria de Estado de Mobilidade e Infraestrutura - SEMOBI\nDepartamento de Edificações e de Rodovias do Estado do Espírito Santo - DER-ES\nRelatório de Composição de Preços Unitários do Orçamento"]
["Orçamento: 040202 - TABELA CUSTOS LABOR/CT-UFES PADRÃO DER FEVEREIRO/2020(LS=157,27; BDI=0%)\nÓrgão Cliente: DER-ES              Órgão Gerente:DER-ES                                   Data Base: Novembro/2019"]
[]
[]
["Planilha: 1 - TABELA CUSTOS LABOR/CT-UFES PADRÃO DER FEVEREIRO/2020(LS=157,27; BDI=0%)"]
[]
["Item: 040238 - Fôrma de chapa compensada resinada 12mm, levando-se em conta a utilização 3 vezes (incluido o material, corte,montagem, escoramento e desfôrma)                  Unidade: m²\nBase: LABOR                                                  Código Base: 040238                                                             Fonte: LABOR Versão: 1"]
[]
[" MÃO DE OBRA",null,"unid.","Codigo","Coefic.","C.Prod.","Pr. Prod.","Pr. Improd.","Pr. Unit.","Fator Ac.","Subtotal"]
["AJUDANTE (LABOR)",null,"h",10101,1.3,1,5.7,0,14.59,"-",18.967]
["CARPINTEIRO (LABOR)",null,"h",10111,1.3,1,6.72,0,17.29,"-",22.477]
[null,null,"Subtotal:",{"$nulls":7},{"$f":"SUM(K10:K11)","v":{"v":41.444,"d":"41.4440"}}]
["MATERIAL",null,"unid.","Codigo","Coefic.","C.Prod.","Pr. Prod.","Pr. Improd.","Pr. Unit.","Fator Ac.","Subtotal"]
["CHAPA COMPENSADA RESINADA ESP. 12MM (LABOR) ",null,"M²",21032,0.43,1,19.04,0,19.04,"-",8.187]
["DESMOLDANTE PARA FORMAS (LABOR)",null,"L",28008,0.1,1,11.37,0,11.37,"-",1.137]
["PREGO 18X27 (LABOR)",null,"KG",26569,0.15,1,7.35,0,7.35,"-",1.103]
["SARRAFO DE MADEIRA PINUS 10 X 2.5CM (LABOR) ",null,"M",20985,1.53,1,5.35,0,5.35,"-",{"v":8.186,"d":"8.1860"}]
[{"$nulls":7},"Subtotal:",null,null,{"$f":"SUM(K14:K17)","v":{"v":18.613,"d":"18.61"}}]
[]
["RESUMO"]
["DISCRIMINAÇÃO",null,"TAXA (%)","VALORES"]
["Mão-de-Obra (A)",null,{"v":1.5727,"d":"157.27%"},null,41.44]
["Materiais (B)",{"$nulls":3},18.61]
["Equipamentos (C)",{"$nulls":3},0]
["Produção da Equipe (D)",{"$nulls":3},1]
["Custo Horário Total (A+C)",{"$nulls":3},41.44]
["Custo Unitário da Execução [ (A/D) + (C/D) ] = E",{"$nulls":3},41.44]
["Custo Direto Total (B+E)",{"$nulls":3},60.05]
["Bonificação e Despesas Indiretas - BDI",null,{"v":0.2332,"d":"23.32%"},null,{"$f":"E28*0.2332","v":{"v":14.003659999999998,"d":"14.00"}}]
["CUSTO UNITÁRIO (Adotado)",{"$nulls":3},{"$f":"E28+E29","v":{"v":74.05366,"d":"74.05"}}]

{"sheet":"3-030101","index":13,"n_rows":25,"n_cols":11,"rows_kept":25,"merged":[[0,1,0,10],[1,0,3,10],[4,0,5,10],[6,0,7,10],[10,2,10,7],[15,3,15,4]]}
[null,"GOVERNO DO ESTADO DO ESPÍRITO SANTO\nSecretaria de Estado de Mobilidade e Infraestrutura - SEMOBI\nDepartamento de Edificações e de Rodovias do Estado do Espírito Santo - DER-ES\nRelatório de Composição de Preços Unitários do Orçamento"]
["Orçamento: 040202 - TABELA CUSTOS LABOR/CT-UFES PADRÃO DER FEVEREIRO/2020(LS=157,27; BDI=0%)\nÓrgão Cliente: DER-ES              Órgão Gerente:DER-ES                                   Data Base: Novembro/2019"]
[]
[]
["Planilha: 1 - TABELA CUSTOS LABOR/CT-UFES PADRÃO DER FEVEREIRO/2020(LS=157,27; BDI=0%)"]
[]
["Item: 030101 -  Escavação manual em material de 1a. categoria, até 1.50 m de profundidade                               Unidade: m³\nBase: LABOR                                                  Código Base: 030101                                                          Fonte: LABOR Versão: 1"]
[]
[" MÃO DE OBRA",null,"unid.","Codigo","Coefic.","C.Prod.","Pr. Prod.","Pr. Improd.","Pr. Unit.","Fator Ac.","Subtotal"]
["SERVENTE (LABOR)",null,"h",10146,3.25,1,4.94,0,12.71,"-",41.308]
[null,null,"Subtotal:",{"$nulls":7},{"$f":"SUM(K10:K10)","v":{"v":41.308,"d":"41.3080"}}]
["MATERIAL",null,"unid.","Codigo","Coefic.","C.Prod.","Pr. Prod.","Pr. Improd.","Pr. Unit.","Fator Ac.","Subtotal"]
[{"$nulls":7},"Subtotal:",null,null,{"v":0,"d":"0.00"}]
[]
["RESUMO"]
["DISCRIMINAÇÃO",null,"TAXA (%)","VALORES"]
["Mão-de-Obra (A)",null,{"v":1.5727,"d":"157.27%"},null,41.31]
["Materiais (B)",{"$nulls":3},0]
["Equipamentos (C)",{"$nulls":3},0]
["Produção da Equipe (D)",{"$nulls":3},1]
["Custo Horário Total (A+C)",{"$nulls":3},41.31]
["Custo Unitário da Execução [ (A/D) + (C/D) ] = E",{"$nulls":3},41.31]
["Custo Direto Total (B+E)",{"$nulls":3},41.31]
["Bonificação e Despesas Indiretas - BDI",null,{"v":0.2332,"d":"23.32%"},null,{"$f":"E23*0.2332","v":{"v":9.633492,"d":"9.63"}}]
["CUSTO UNITÁRIO (Adotado)",{"$nulls":3},{"$f":"E23+E24","v":{"v":50.943492000000006,"d":"50.94"}}]

{"sheet":"3-030208","index":14,"n_rows":26,"n_cols":11,"rows_kept":26,"merged":[[0,1,0,10],[1,0,3,10],[4,0,5,10],[6,0,7,10],[10,2,10,7],[12,0,12,1],[16,3,16,4]]}
[null,"GOVERNO DO ESTADO DO ESPÍRITO SANTO\nSecretaria de Estado de Mobilidade e Infraestrutura - SEMOBI\nDepartamento de Edificações e de Rodovias do Estado do Espírito Santo - DER-ES\nRelatório de Composição de Preços Unitários do Orçamento"]
["Orçamento: 040202 - TABELA CUSTOS LABOR/CT-UFES PADRÃO DER FEVEREIRO/2020(LS=157,27; BDI=0%)\nÓrgão Cliente: DER-ES              Órgão Gerente:DER-ES                                   Data Base: Novembro/2019"]
[]
[]
["Planilha: 1 - TABELA CUSTOS LABOR/CT-UFES PADRÃO DER FEVEREIRO/2020(LS=157,27; BDI=0%)"]
[]
["Item: 030208 - Aterro manual para regularização do terreno em argila, inclusive adensamento manual e fornecimento do material (máximo de 100m3)                                 Unidade: m³\nBase: LABOR                                                  Código Base: 030208                                                             Fonte: LABOR Versão: 1"]
[]
[" MÃO DE OBRA",null,"unid.","Codigo","Coefic.","C.Prod.","Pr. Prod.","Pr. Improd.","Pr. Unit.","Fator Ac.","Subtotal"]
["SERVENTE (LABOR)",null,"h",10146,4.5,1,4.94,0,12.71,"-",57.195]
[null,null,"Subtotal:",{"$nulls":7},{"$f":"SUM(K10:K10)","v":{"v":57.195,"d":"57.1950"}}]
["MATERIAL",null,"unid.","Codigo","Coefic.","C.Prod.","Pr. Prod.","Pr. Improd.","Pr. Unit.","Fator Ac.","Subtotal"]
["BARRO PARA ATERRO (LABOR)",null,"M³",20554,1.3,1,31.67,0,31.67,"-",41.171]
[{"$nulls":7},"Subtotal:",null,null,{"$f":"SUM(K13:K13)","v":{"v":41.171,"d":"41.17"}}]
[]
["RESUMO"]
["DISCRIMINAÇÃO",null,"TAXA (%)","VALORES"]
["Mão-de-Obra (A)",null,{"v":1.5727,"d":"157.27%"},null,57.2]
["Materiais (B)",{"$nulls":3},41.17]
["Equipamentos (C)",{"$nulls":3},0]
["Produção da Equipe (D)",{"$nulls":3},1]
["Custo Horário Total (A+C)",{"$nulls":3},57.2]
["Custo Unitário da Execução [ (A/D) + (C/D) ] = E",{"$nulls":3},57.2]
["Custo Direto Total (B+E)",{"$nulls":3},98.37]
["Bonificação e Despesas Indiretas - BDI",null,{"v":0.2332,"d":"23.32%"},null,{"$f":"E24*0.2332","v":{"v":22.939884,"d":"22.94"}}]
["CUSTO UNITÁRIO (Adotado)",{"$nulls":3},{"$f":"E24+E25","v":{"v":121.30988400000001,"d":"121.31"}}]

{"sheet":"3-040235","index":15,"n_rows":35,"n_cols":11,"rows_kept":35,"merged":[[0,1,0,10],[1,0,3,10],[4,0,5,10],[6,0,7,10],[11,2,11,7],[13,0,13,1],[14,0,14,1],[15,0,15,1],[16,0,16,1],[20,0,20,1],[25,3,25,4]]}
[null,"GOVERNO DO ESTADO DO ESPÍRITO SANTO\nSecretaria de Estado de Mobilidade e Infraestrutura - SEMOBI\nDepartamento de Edificações e de Rodovias do Estado do Espírito Santo - DER-ES\nRelatório de Composição de Preços Unitários do Orçamento"]
["Orçamento: 040202 - TABELA CUSTOS LABOR/CT-UFES PADRÃO DER FEVEREIRO/2020(LS=157,27; BDI=0%)\nÓrgão Cliente: DER-ES              Órgão Gerente:DER-ES                                   Data Base: Novembro/2019"]
[]
[]
["Planilha: 1 - TABELA CUSTOS LABOR/CT-UFES PADRÃO DER FEVEREIRO/2020(LS=157,27; BDI=0%)"]
[]
["Item: 040235 - Fôrma de chapa compensada resinada 12mm, levando-se em conta a utilização 3 vezes (incluido o material, corte,montagem, escoramento e desfôrma)                  Unidade: m³\nBase: LABOR                                                  Código Base: 040235                                                             Fonte: LABOR Versão: 1"]
[]
[" MÃO DE OBRA",null,"unid.","Codigo","Coefic.","C.Prod.","Pr. Prod.","Pr. Improd.","Pr. Unit.","Fator Ac.","Subtotal"]
["PEDREIRO (LABOR)",null,"h",10139,2.1,1,6.72,0,17.29,"-",36.309]
["SERVENTE (LABOR)",null,"h",10146,12.6,1,4.94,0,12.71,"-",160.146]
[null,null,"Subtotal:",{"$nulls":7},{"$f":"SUM(K10:K11)","v":{"v":196.45499999999998,"d":"196.4550"}}]
["MATERIAL",null,"unid.","Codigo","Coefic.","C.Prod.","Pr. Prod.","Pr. Improd.","Pr. Unit.","Fator Ac.","Subtotal"]
["AREIA LAVADA MEDIA (LABOR)",null,"M³",20503,0.7056,1,19.04,0,63.75,"-",44.982]
["BRITA 1 (LABOR)",null,"M³",20517,0.40005,1,11.37,0,83.3,"-",33.324]
["BRITA 2 (LABOR)",null,"M³",20518,0.40005,1,7.35,0,83.3,"-",33.324]
["CIMENTO PORTLAND CP III - 40 (LABOR)",null,"KG",20508,367.5,1,5.35,0,0.32,"-",{"v":117.6,"d":"117.6000"}]
[{"$nulls":7},"Subtotal:",null,null,{"$f":"SUM(K14:K17)","v":229.23}]
[]
["MATERIAL",null,"unid.","Codigo","Coefic.","C.Prod.","Pr. Prod.","Pr. Improd.","Pr. Unit.","Fator Ac.","Subtotal"]
["BETONEIRA 320 L (E301) (LABOR)",null,"H",80125,0.7497,1,29.22,13.48,29.22,"-",21.906]
[{"$nulls":7},"Subtotal:",null,null,{"$f":"SUM(K21)","v":{"v":21.906,"d":"21.91"}}]
[]
[]
["RESUMO"]
["DISCRIMINAÇÃO",null,"TAXA (%)","VALORES"]
["Mão-de-Obra (A)",null,{"v":1.5727,"d":"157.27%"},null,196.46]
["Materiais (B)",{"$nulls":3},229.23]
["Equipamentos (C)",{"$nulls":3},21.91]
["Produção da Equipe (D)",{"$nulls":3},1]
["Custo Horário Total (A+C)",{"$nulls":3},218.37]
["Custo Unitário da Execução [ (A/D) + (C/D) ] = E",{"$nulls":3},218.37]
["Custo Direto Total (B+E)",{"$nulls":3},447.6]
["Bonificação e Despesas Indiretas - BDI",null,{"v":0.2332,"d":"23.32%"},null,{"$f":"E33*0.2332","v":{"v":104.38032,"d":"104.38"}}]
["CUSTO UNITÁRIO (Adotado)",{"$nulls":3},{"$f":"E33+E34","v":{"v":551.98032,"d":"551.98"}}]

{"sheet":"3-151336","index":16,"n_rows":29,"n_cols":11,"rows_kept":29,"merged":[[0,1,0,10],[1,0,3,10],[4,0,5,10],[6,0,7,10],[11,2,11,7],[13,0,13,1],[19,3,19,4]]}
[null,"GOVERNO DO ESTADO DO ESPÍRITO SANTO\nSecretaria de Estado de Mobilidade e Infraestrutura - SEMOBI\nDepartamento de Edificações e de Rodovias do Estado do Espírito Santo - DER-ES\nRelatório de Composição de Preços Unitários do Orçamento"]
["Orçamento: 040202 - TABELA CUSTOS LABOR/CT-UFES PADRÃO DER FEVEREIRO/2020(LS=157,27; BDI=0%)\nÓrgão Cliente: DER-ES              Órgão Gerente:DER-ES                                   Data Base: Novembro/2019"]
[]
[]
["Planilha: 1 - TABELA CUSTOS LABOR/CT-UFES PADRÃO DER FEVEREIRO/2020(LS=157,27; BDI=0%)"]
[]
["Item: 151336 - Disjuntor DR bipolar 16A a 25A, corrente nominal 30 mA                  Unidade: und\nBase: LABOR                                                  Código Base: 15336                                                            Fonte: LABOR Versão: 1"]
[]
[" MÃO DE OBRA",null,"unid.","Codigo","Coefic.","C.Prod.","Pr. Prod.","Pr. Improd.","Pr. Unit.","Fator Ac.","Subtotal"]
["AJUDANTE (LABOR)",null,"h",10101,0.6,1,5.67,0,14.59,"-",8.754]
["ELETRICISTA (LABOR)",null,"h",10115,0.6,1,6.72,0,17.29,"-",10.374]
[null,null,"Subtotal:",{"$nulls":7},{"$f":"SUM(K10:K11)","v":{"v":19.128,"d":"19.1280"}}]
["MATERIAL",null,"unid.","Codigo","Coefic.","C.Prod.","Pr. Prod.","Pr. Improd.","Pr. Unit.","Fator Ac.","Subtotal"]
["DISPOSITIVO INTERRUPTOR DR BIPOLAR 25A OU 40A\nOU 63A - 30 MA (LABOR)",null,"unid.",44736,1,1,94.01,0,94.01,"-",94.01]
[{"$nulls":7},"Subtotal:",null,null,{"$f":"SUM(K14:K14)","v":94.01}]
[]
[]
[]
["RESUMO"]
["DISCRIMINAÇÃO",null,"TAXA (%)","VALORES"]
["Mão-de-Obra (A)",null,{"v":1.5727,"d":"157.27%"},null,19.13]
["Materiais (B)",{"$nulls":3},94.01]
["Equipamentos (C)",{"$nulls":3},0]
["Produção da Equipe (D)",{"$nulls":3},1]
["Custo Horário Total (A+C)",{"$nulls":3},19.13]
["Custo Unitário da Execução [ (A/D) + (C/D) ] = E",{"$nulls":3},19.13]
["Custo Direto Total (B+E)",{"$nulls":3},113.14]
["Bonificação e Despesas Indiretas - BDI",null,{"v":0.2332,"d":"23.32%"},null,{"$f":"E27*0.2332","v":{"v":26.384248,"d":"26.38"}}]
["CUSTO UNITÁRIO (Adotado)",{"$nulls":3},{"$f":"E27+E28","v":{"v":139.524248,"d":"139.52"}}]

{"sheet":"04-COMP. 6","index":17,"n_rows":39,"n_cols":25,"rows_kept":39,"merged":[[1,1,1,14],[2,1,2,14],[3,1,3,14],[4,1,4,14],[5,1,5,14],[6,1,7,14],[8,1,8,14],[9,1,9,14],[10,3,10,4],[10,5,10,6],[10,8,10,9],[10,10,10,12],[10,13,10,14],[11,1,11,10],[11,11,11,14],[12,3,12,4],[12,5,12,6],[12,8,12,9],[12,10,12,12],[12,13,12,14],[13,3,13,4],[13,5,13,6],[13,8,13,12],[13,13,13,14],[14,3,14,4],[14,5,14,6],[14,8,14,12],[14,13,14,14],[15,1,15,10],[15,11,15,14],[17,3,17,4],[17,6,17,7],[17,9,17,14],[18,3,18,4],[18,6,18,7],[18,9,18,14],[19,1,19,10],[19,11,19,14],[21,1,21,8],[21,9,21,14],[22,1,22,8],[22,9,22,14],[23,1,23,8],[23,9,23,14],[25,3,25,4],[25,5,25,7],[25,8,25,10],[25,11,25,14],[26,3,26,4],[26,5,26,7],[26,8,26,10],[26,11,26,14],[27,3,27,4],[27,5,27,7],[27,8,27,10],[27,11,27,14],[28,1,28,10],[28,11,28,14],[30,3,30,4],[30,8,30,10],[30,11,30,14],[31,1,31,10],[31,11,31,14],[33,4,33,7],[33,10,33,11],[33,12,33,13],[34,1,34,10],[34,11,34,14],[36,1,36,10],[36,11,36,14],[37,1,37,10],[37,11,37,14],[38,1,38,10],[38,11,38,14]]}
[]
[]
[null,"COMPOSIÇÃO DE PREÇO UNITÁRIO DE SERVIÇO"]
[]
[]
[null,"Data Base : Novembro/2019"]
[null,"Serviço: COMP. 6 -  Instalação de Refletores de LED DE 200 W com suporte metálico de 0,60 m.",{"$nulls":22},"\n"]
[]
[]
[null,"Unidade: UD"]
[null,"(A)Equipamento","Código padrão","Quantidade",null,"Ut.Pr",null,"Ut. Impr","Vl. Hr. Prod",null,"Vl. Hr. Imp",null,null,"Custo Horário",{"$nulls":3},"5 ENERGIA 18,30 15,08"]
[null,"(A)Total:",{"$nulls":9},{"v":0,"d":"0.00"}]
[]
[null,"(B)Mão-de-Obra","Código padrão","Eq. Salarial",null,"Encargos(%)",null,"Sal/Hora","Consumo",{"$nulls":4},"Custo Horário"]
[null,"Eletricista ",20056,1.24,null,157.27,null,{"v":15,"d":"15.00"},{"v":1,"d":"1.0000"},{"$nulls":4},{"$f":"I15*H15","v":{"v":15,"d":"15.00"}}]
[null,"(B)Total:",{"$nulls":9},{"$f":"SUM(N15:O15)","v":{"v":15,"d":"15.00"}}]
[]
[null,"(C)Itens de Incidência","Código padrão","%",null,"M. O.","Equip.",null,"Mat.","Custo",{"$nulls":7},2.17]
[null,"Ferramentas manuais ",2000,{"v":5,"d":"5.00000"},null,"x",{"$nulls":3},{"$f":"L16*5%","v":0.75}]
[null,"(C)Total:",{"$nulls":9},{"$f":"J19","v":0.75}]
[]
[null,"Custo Horário da Execução (A) + (B) + (C)",{"$nulls":7},{"$f":"TRUNC(L16+L20+L12,2)","v":15.75}]
[null,"(D) Produção da Equipe",{"$nulls":7},{"v":1,"d":"1.000"}]
[null,"(E) Custo Unitário da Execução [(A) + (B) + (C)] / (D)",{"$nulls":7},{"$f":"TRUNC(J22/J23,2)","v":15.75}]
[{"$nulls":16},24,100]
[null,"(F)Materiais","Código padrão","Unid.",null,"Custo Unitário",null,null,"Consumo",null,null,"Custo Unitário",{"$nulls":5},5,null,{"$f":"(33.67*5)/100","v":1.6835000000000002}]
[null,"Refletor com Holofote Led 200 w","COTAÇÃO","Unid.",null,{"v":293.5,"d":"293.50"},null,null,{"v":1,"d":"1.00"},null,null,{"$f":"I27*F27","v":293.5}]
[null,"Suporte para refletor Led 60 cm","COTAÇÃO","Unid.",null,12.33,null,null,{"v":1,"d":"1.00"},null,null,{"$f":"I28*F28","v":12.33}]
[null,"(F)Total:",{"$nulls":9},671.66]
[]
[null,"(G)Serviços","Código padrão","Unid.",null,"Custo Unitário",null,null,"Consumo",null,null,"Custo Unitário"]
[null,"(G)Total:",{"$nulls":9},{"v":0,"d":"0.00"}]
[]
[null,"(H)Itens de Transporte","Código padrão","Unid.","Fórmula",{"$nulls":3},"XP","XR","Custo",null,"Consumo",null,"Custo Unit.",null,{"$f":"L32+L29+L35+J24","v":687.41}]
[null,"(H)Total:",{"$nulls":9},{"v":0,"d":"0.00"}]
[]
[null,"Custo Direto Total (E) + (F) + (G) + (H)",{"$nulls":9},{"$f":"J24+L29+L32","v":687.41},{"$nulls":3},{"$f":"L37","v":687.41}]
[null,"BDI :23,32%",{"$nulls":9},{"$f":"TRUNC(L37*0.2332,2)","v":{"v":160.3,"d":"160.30"}}]
[null,"Preço Unitário Total",{"$nulls":9},{"$f":"TRUNC(L37+L38,2)","v":847.71}]

{"sheet":"04-41500","index":18,"n_rows":35,"n_cols":25,"rows_kept":35,"merged":[[1,1,1,14],[2,1,2,14],[3,1,3,14],[4,1,4,14],[5,1,5,14],[6,1,7,14],[8,1,8,14],[9,1,9,14],[10,3,10,4],[10,5,10,6],[10,8,10,9],[10,10,10,12],[10,13,10,14],[11,1,11,10],[11,11,11,14],[12,3,12,4],[12,5,12,6],[12,8,12,9],[12,10,12,12],[12,13,12,14],[13,3,13,4],[13,5,13,6],[13,8,13,12],[13,13,13,14],[14,1,14,10],[14,11,14,14],[16,3,16,4],[16,6,16,7],[16,9,16,14],[17,1,17,10],[17,11,17,14],[19,1,19,8],[19,9,19,14],[20,1,20,8],[20,9,20,14],[21,1,21,8],[21,9,21,14],[23,3,23,4],[23,5,23,7],[23,8,23,10],[23,11,23,14],[24,1,24,10],[24,11,24,14],[26,3,26,4],[26,5,26,7],[26,8,26,10],[26,11,26,14],[27,1,27,10],[27,11,27,14],[29,4,29,7],[29,10,29,11],[29,12,29,13],[30,1,30,10],[30,11,30,14],[32,1,32,10],[32,11,32,14],[33,1,33,10],[33,11,33,14],[34,1,34,10],[34,11,34,14]]}
[]
[]
[null,"COMPOSIÇÃO DE PREÇO UNITÁRIO DE SERVIÇO"]
[]
[]
[null,"Data Base : Novembro/2019"]
[null,"Serviço: 41500 -  Placa de obra nas dimensões de 3,0 x 6,0 m, padrão DER-ES",{"$nulls":22},"\n"]
[]
[]
[null,"Unidade: UD"]
[null,"(A)Equipamento","Código padrão","Quantidade",null,"Ut.Pr",null,"Ut. Impr","Vl. Hr. Prod",null,"Vl. Hr. Imp",null,null,"Custo Horário",{"$nulls":3},"5 ENERGIA 18,30 15,08"]
[null,"(A)Total:",{"$nulls":9},{"v":0,"d":"0.00"}]
[]
[null,"(B)Mão-de-Obra","Código padrão","Eq. Salarial",null,"Encargos(%)",null,"Sal/Hora","Consumo",{"$nulls":4},"Custo Horário"]
[null,"(B)Total:",{"$nulls":9},{"v":0,"d":"0.00"}]
[]
[null,"(C)Itens de Incidência","Código padrão","%",null,"M. O.","Equip.",null,"Mat.","Custo",{"$nulls":7},2.17]
[null,"(C)Total:",{"$nulls":9},{"v":0,"d":"0.00"}]
[]
[null,"Custo Horário da Execução (A) + (B) + (C)",{"$nulls":7},{"$f":"TRUNC(L15+L18+L12,2)","v":{"v":0,"d":"0.00"}}]
[null,"(D) Produção da Equipe",{"$nulls":7},{"v":1,"d":"1.000"}]
[null,"(E) Custo Unitário da Execução [(A) + (B) + (C)] / (D)",{"$nulls":7},{"$f":"TRUNC(J20/J21,2)","v":{"v":0,"d":"0.00"}}]
[{"$nulls":16},24,100]
[null,"(F)Materiais","Código padrão","Unid.",null,"Custo Unitário",null,null,"Consumo",null,null,"Custo Unitário",{"$nulls":5},5,null,{"$f":"(33.67*5)/100","v":1.6835000000000002}]
[null,"(F)Total:",{"$nulls":9},{"v":0,"d":"0.00"}]
[]
[null,"(G)Serviços","Código padrão","Unid.",null,"Custo Unitário",null,null,"Consumo",null,null,"Custo Unitário"]
[null,"(G)Total:",{"$nulls":9},{"v":0,"d":"0.00"}]
[]
[null,"(H)Itens de Transporte","Código padrão","Unid.","Fórmula",{"$nulls":3},"XP","XR","Custo",null,"Consumo",null,"Custo Unit.",null,{"$f":"L28+L25+L31+J22","v":{"v":0,"d":"0.00"}}]
[null,"(H)Total:",{"$nulls":9},{"v":0,"d":"0.00"}]
[]
[null,"Custo Adotado",{"$nulls":9},189.61,{"$nulls":3},{"$f":"L33","v":189.61}]
[null,"BDI :23,32%",{"$nulls":9},{"$f":"TRUNC(L33*0.2332,2)","v":44.21}]
[null,"Preço Unitário Total",{"$nulls":9},{"$f":"TRUNC(L33+L34,2)","v":233.82}]

{"sheet":"04-41530","index":19,"n_rows":35,"n_cols":25,"rows_kept":35,"merged":[[1,1,1,14],[2,1,2,14],[3,1,3,14],[4,1,4,14],[5,1,5,14],[6,1,7,14],[8,1,8,14],[9,1,9,14],[10,3,10,4],[10,5,10,6],[10,8,10,9],[10,10,10,12],[10,13,10,14],[11,1,11,10],[11,11,11,14],[12,3,12,4],[12,5,12,6],[12,8,12,9],[12,10,12,12],[12,13,12,14],[13,3,13,4],[13,5,13,6],[13,8,13,12],[13,13,13,14],[14,1,14,10],[14,11,14,14],[16,3,16,4],[16,6,16,7],[16,9,16,14],[17,1,17,10],[17,11,17,14],[19,1,19,8],[19,9,19,14],[20,1,20,8],[20,9,20,14],[21,1,21,8],[21,9,21,14],[23,3,23,4],[23,5,23,7],[23,8,23,10],[23,11,23,14],[24,1,24,10],[24,11,24,14],[26,3,26,4],[26,5,26,7],[26,8,26,10],[26,11,26,14],[27,1,27,10],[27,11,27,14],[29,4,29,7],[29,10,29,11],[29,12,29,13],[30,1,30,10],[30,11,30,14],[32,1,32,10],[32,11,32,14],[33,1,33,10],[33,11,33,14],[34,1,34,10],[34,11,34,14]]}
[]
[]
[null,"COMPOSIÇÃO DE PREÇO UNITÁRIO DE SERVIÇO"]
[]
[]
[null,"Data Base : Novembro/2019"]
[null,"Serviço: 41530 -  Refeitório c/ paredes chapa de comp. 12mm e pont. 8x8cm, piso ciment. e cob. telhas fibroc. 6mm,\nincl. ponto de luz e cx. de insp. (1,21m²/func/turno)",{"$nulls":22},"\n"]
[]
[]
[null,"Unidade: UD"]
[null,"(A)Equipamento","Código padrão","Quantidade",null,"Ut.Pr",null,"Ut. Impr","Vl. Hr. Prod",null,"Vl. Hr. Imp",null,null,"Custo Horário",{"$nulls":3},"5 ENERGIA 18,30 15,08"]
[null,"(A)Total:",{"$nulls":9},{"v":0,"d":"0.00"}]
[]
[null,"(B)Mão-de-Obra","Código padrão","Eq. Salarial",null,"Encargos(%)",null,"Sal/Hora","Consumo",{"$nulls":4},"Custo Horário"]
[null,"(B)Total:",{"$nulls":9},{"v":0,"d":"0.00"}]
[]
[null,"(C)Itens de Incidência","Código padrão","%",null,"M. O.","Equip.",null,"Mat.","Custo",{"$nulls":7},2.17]
[null,"(C)Total:",{"$nulls":9},{"v":0,"d":"0.00"}]
[]
[null,"Custo Horário da Execução (A) + (B) + (C)",{"$nulls":7},{"$f":"TRUNC(L15+L18+L12,2)","v":{"v":0,"d":"0.00"}}]
[null,"(D) Produção da Equipe",{"$nulls":7},{"v":1,"d":"1.000"}]
[null,"(E) Custo Unitário da Execução [(A) + (B) + (C)] / (D)",{"$nulls":7},{"$f":"TRUNC(J20/J21,2)","v":{"v":0,"d":"0.00"}}]
[{"$nulls":16},24,100]
[null,"(F)Materiais","Código padrão","Unid.",null,"Custo Unitário",null,null,"Consumo",null,null,"Custo Unitário",{"$nulls":5},5,null,{"$f":"(33.67*5)/100","v":1.6835000000000002}]
[null,"(F)Total:",{"$nulls":9},{"v":0,"d":"0.00"}]
[]
[null,"(G)Serviços","Código padrão","Unid.",null,"Custo Unitário",null,null,"Consumo",null,null,"Custo Unitário"]
[null,"(G)Total:",{"$nulls":9},{"v":0,"d":"0.00"}]
[]
[null,"(H)Itens de Transporte","Código padrão","Unid.","Fórmula",{"$nulls":3},"XP","XR","Custo",null,"Consumo",null,"Custo Unit.",null,{"$f":"L28+L25+L31+J22","v":{"v":0,"d":"0.00"}}]
[null,"(H)Total:",{"$nulls":9},{"v":0,"d":"0.00"}]
[]
[null,"Custo Adotado",{"$nulls":9},285.98,{"$nulls":3},{"$f":"L33","v":285.98}]
[null,"BDI :23,32%",{"$nulls":9},{"$f":"TRUNC(L33*0.2332,2)","v":66.69}]
[null,"Preço Unitário Total",{"$nulls":9},{"$f":"TRUNC(L33+L34,2)","v":352.67}]

{"sheet":"04-41498","index":20,"n_rows":35,"n_cols":25,"rows_kept":35,"merged":[[1,1,1,14],[2,1,2,14],[3,1,3,14],[4,1,4,14],[5,1,5,14],[6,1,7,14],[8,1,8,14],[9,1,9,14],[10,3,10,4],[10,5,10,6],[10,8,10,9],[10,10,10,12],[10,13,10,14],[11,1,11,10],[11,11,11,14],[12,3,12,4],[12,5,12,6],[12,8,12,9],[12,10,12,12],[12,13,12,14],[13,3,13,4],[13,5,13,6],[13,8,13,12],[13,13,13,14],[14,1,14,10],[14,11,14,14],[16,3,16,4],[16,6,16,7],[16,9,16,14],[17,1,17,10],[17,11,17,14],[19,1,19,8],[19,9,19,14],[20,1,20,8],[20,9,20,14],[21,1,21,8],[21,9,21,14],[23,3,23,4],[23,5,23,7],[23,8,23,10],[23,11,23,14],[24,1,24,10],[24,11,24,14],[26,3,26,4],[26,5,26,7],[26,8,26,10],[26,11,26,14],[27,1,27,10],[27,11,27,14],[29,4,29,7],[29,10,29,11],[29,12,29,13],[30,1,30,10],[30,11,30,14],[32,1,32,10],[32,11,32,14],[33,1,33,10],[33,11,33,14],[34,1,34,10],[34,11,34,14]]}
[]
[]
[null,"COMPOSIÇÃO DE PREÇO UNITÁRIO DE SERVIÇO"]
[]
[]
[null,"Data Base : Novembro/2019"]
[null,"Serviço: 41498 - Barracão com sanitário, em chapa compensada 12 mm e pont. 8x8cm, piso cimentado e cobertura\nem telha de fibroc. 6mm, incl. ponto de luz e cx. Inspeção",{"$nulls":22},"\n"]
[]
[]
[null,"Unidade: UD"]
[null,"(A)Equipamento","Código padrão","Quantidade",null,"Ut.Pr",null,"Ut. Impr","Vl. Hr. Prod",null,"Vl. Hr. Imp",null,null,"Custo Horário",{"$nulls":3},"5 ENERGIA 18,30 15,08"]
[null,"(A)Total:",{"$nulls":9},{"v":0,"d":"0.00"}]
[]
[null,"(B)Mão-de-Obra","Código padrão","Eq. Salarial",null,"Encargos(%)",null,"Sal/Hora","Consumo",{"$nulls":4},"Custo Horário"]
[null,"(B)Total:",{"$nulls":9},{"v":0,"d":"0.00"}]
[]
[null,"(C)Itens de Incidência","Código padrão","%",null,"M. O.","Equip.",null,"Mat.","Custo",{"$nulls":7},2.17]
[null,"(C)Total:",{"$nulls":9},{"v":0,"d":"0.00"}]
[]
[null,"Custo Horário da Execução (A) + (B) + (C)",{"$nulls":7},{"$f":"TRUNC(L15+L18+L12,2)","v":{"v":0,"d":"0.00"}}]
[null,"(D) Produção da Equipe",{"$nulls":7},{"v":1,"d":"1.000"}]
[null,"(E) Custo Unitário da Execução [(A) + (B) + (C)] / (D)",{"$nulls":7},{"$f":"TRUNC(J20/J21,2)","v":{"v":0,"d":"0.00"}}]
[{"$nulls":16},24,100]
[null,"(F)Materiais","Código padrão","Unid.",null,"Custo Unitário",null,null,"Consumo",null,null,"Custo Unitário",{"$nulls":5},5,null,{"$f":"(33.67*5)/100","v":1.6835000000000002}]
[null,"(F)Total:",{"$nulls":9},{"v":0,"d":"0.00"}]
[]
[null,"(G)Serviços","Código padrão","Unid.",null,"Custo Unitário",null,null,"Consumo",null,null,"Custo Unitário"]
[null,"(G)Total:",{"$nulls":9},{"v":0,"d":"0.00"}]
[]
[null,"(H)Itens de Transporte","Código padrão","Unid.","Fórmula",{"$nulls":3},"XP","XR","Custo",null,"Consumo",null,"Custo Unit.",null,{"$f":"L28+L25+L31+J22","v":{"v":0,"d":"0.00"}}]
[null,"(H)Total:",{"$nulls":9},{"v":0,"d":"0.00"}]
[]
[null,"Custo Adotado",{"$nulls":9},527.05,{"$nulls":3},{"$f":"L33","v":527.05}]
[null,"BDI :23,32%",{"$nulls":9},{"$f":"TRUNC(L33*0.2332,2)","v":{"v":122.9,"d":"122.90"}}]
[null,"Preço Unitário Total",{"$nulls":9},{"$f":"TRUNC(L33+L34,2)","v":649.95}]

{"sheet":"6-020355","index":21,"n_rows":25,"n_cols":11,"rows_kept":25,"merged":[[0,1,0,10],[1,0,3,10],[4,0,5,10],[6,0,7,10],[9,2,9,7],[11,0,11,1],[15,3,15,4]]}
[null,"GOVERNO DO ESTADO DO ESPÍRITO SANTO\nSecretaria de Estado de Mobilidade e Infraestrutura - SEMOBI\nDepartamento de Edificações e de Rodovias do Estado do Espírito Santo - DER-ES\nRelatório de Composição de Preços Unitários do Orçamento"]
["Orçamento: 955301 - TABELA CUSTOS LABOR/CT-UFES PADRÃO DER FEVEREIRO/2020(LS=157,27; BDI=0%)\nÓrgão Cliente: DER-ES              Órgão Gerente:DER-ES                                   Data Base: Novembro/2019"]
[]
[]
["Planilha: 1 - TABELA CUSTOS LABOR/CT-UFES PADRÃO DER FEVEREIRO/2020(LS=157,27; BDI=0%)"]
[]
["Item: 020355 - Aluguel mensal container sanitário, incl porta, básc, 2 ptos luz, 1 pto aterram., 3vasos, 3lavatórios, calha mictório, 6 chuveiros (1 eletrico), torn.,registros, piso comp. Naval pintado, cert NR18 e laudo descontaminação                             Unidade: m2\nBase: LABOR                                                  Código Base: 190418                                                                Fonte: LABOR Versão: 1"]
[]
[" MÃO DE OBRA",null,"unid.","Codigo","Coefic.","C.Prod.","Pr. Prod.","Pr. Improd.","Pr. Unit.","Fator Ac.","Subtotal"]
[null,null,"Subtotal:",{"$nulls":7},{"v":0,"d":"0.00"}]
["MATERIAL",null,"unid.","Codigo","Coefic.","C.Prod.","Pr. Prod.","Pr. Improd.","Pr. Unit.","Fator Ac.","Subtotal"]
["ALUGUEL CONTAINER SANITARIO COLET 6X2.40X2.40M (LABOR)",null,"ms",72282,1,1,716,0,716,"-",716]
[{"$nulls":7},"Subtotal:",null,null,{"$f":"SUM(K12:K12)","v":{"v":716,"d":"716.00"}}]
[]
["RESUMO"]
["DISCRIMINAÇÃO",null,"TAXA (%)","VALORES"]
["Mão-de-Obra (A)",null,{"v":1.5727,"d":"157.27%"},null,0]
["Materiais (B)",{"$nulls":3},716]
["Equipamentos (C)",{"$nulls":3},0]
["Produção da Equipe (D)",{"$nulls":3},1]
["Custo Horário Total (A+C)",{"$nulls":3},0]
["Custo Unitário da Execução [ (A/D) + (C/D) ] = E",{"$nulls":3},0]
["Custo Direto Total (B+E)",{"$nulls":3},716]
["Bonificação e Despesas Indiretas - BDI",null,{"v":0.2332,"d":"23.32%"},null,{"$f":"E23*0.2332","v":{"v":166.97119999999998,"d":"166.97"}}]
["CUSTO UNITÁRIO (Adotado)",{"$nulls":3},{"$f":"E23+E24","v":{"v":882.9712,"d":"882.97"}}]

{"sheet":"04-41501","index":22,"n_rows":35,"n_cols":25,"rows_kept":35,"merged":[[1,1,1,14],[2,1,2,14],[3,1,3,14],[4,1,4,14],[5,1,5,14],[6,1,7,14],[8,1,8,14],[9,1,9,14],[10,3,10,4],[10,5,10,6],[10,8,10,9],[10,10,10,12],[10,13,10,14],[11,1,11,10],[11,11,11,14],[12,3,12,4],[12,5,12,6],[12,8,12,9],[12,10,12,12],[12,13,12,14],[13,3,13,4],[13,5,13,6],[13,8,13,12],[13,13,13,14],[14,1,14,10],[14,11,14,14],[16,3,16,4],[16,6,16,7],[16,9,16,14],[17,1,17,10],[17,11,17,14],[19,1,19,8],[19,9,19,14],[20,1,20,8],[20,9,20,14],[21,1,21,8],[21,9,21,14],[23,3,23,4],[23,5,23,7],[23,8,23,10],[23,11,23,14],[24,1,24,10],[24,11,24,14],[26,3,26,4],[26,5,26,7],[26,8,26,10],[26,11,26,14],[27,1,27,10],[27,11,27,14],[29,4,29,7],[29,10,29,11],[29,12,29,13],[30,1,30,10],[30,11,30,14],[32,1,32,10],[32,11,32,14],[33,1,33,10],[33,11,33,14],[34,1,34,10],[34,11,34,14]]}
[]
[]
[null,"COMPOSIÇÃO DE PREÇO UNITÁRIO DE SERVIÇO"]
[]
[]
[null,"Data Base : Novembro/2019"]
[null,"Serviço: 41501 -  Rede de água c/ padrão de entrada d'água diâm. 3/4\" conf. CESAN, incl. tubos e conexões p/\naliment., distrib., extravas. e limp., cons. o padrão a 25m",{"$nulls":22},"\n"]
[]
[]
[null,"Unidade: UD"]
[null,"(A)Equipamento","Código padrão","Quantidade",null,"Ut.Pr",null,"Ut. Impr","Vl. Hr. Prod",null,"Vl. Hr. Imp",null,null,"Custo Horário",{"$nulls":3},"5 ENERGIA 18,30 15,08"]
[null,"(A)Total:",{"$nulls":9},{"v":0,"d":"0.00"}]
[]
[null,"(B)Mão-de-Obra","Código padrão","Eq. Salarial",null,"Encargos(%)",null,"Sal/Hora","Consumo",{"$nulls":4},"Custo Horário"]
[null,"(B)Total:",{"$nulls":9},{"v":0,"d":"0.00"}]
[]
[null,"(C)Itens de Incidência","Código padrão","%",null,"M. O.","Equip.",null,"Mat.","Custo",{"$nulls":7},2.17]
[null,"(C)Total:",{"$nulls":9},{"v":0,"d":"0.00"}]
[]
[null,"Custo Horário da Execução (A) + (B) + (C)",{"$nulls":7},{"$f":"TRUNC(L15+L18+L12,2)","v":{"v":0,"d":"0.00"}}]
[null,"(D) Produção da Equipe",{"$nulls":7},{"v":1,"d":"1.000"}]
[null,"(E) Custo Unitário da Execução [(A) + (B) + (C)] / (D)",{"$nulls":7},{"$f":"TRUNC(J20/J21,2)","v":{"v":0,"d":"0.00"}}]
[{"$nulls":16},24,100]
[null,"(F)Materiais","Código padrão","Unid.",null,"Custo Unitário",null,null,"Consumo",null,null,"Custo Unitário",{"$nulls":5},5,null,{"$f":"(33.67*5)/100","v":1.6835000000000002}]
[null,"(F)Total:",{"$nulls":9},{"v":0,"d":"0.00"}]
[]
[null,"(G)Serviços","Código padrão","Unid.",null,"Custo Unitário",null,null,"Consumo",null,null,"Custo Unitário"]
[null,"(G)Total:",{"$nulls":9},{"v":0,"d":"0.00"}]
[]
[null,"(H)Itens de Transporte","Código padrão","Unid.","Fórmula",{"$nulls":3},"XP","XR","Custo",null,"Consumo",null,"Custo Unit.",null,{"$f":"L28+L25+L31+J22","v":{"v":0,"d":"0.00"}}]
[null,"(H)Total:",{"$nulls":9},{"v":0,"d":"0.00"}]
[]
[null,"Custo Adotado",{"$nulls":9},32.24,{"$nulls":3},{"$f":"L33","v":32.24}]
[null,"BDI :23,32%",{"$nulls":9},{"$f":"TRUNC(L33*0.2332,2)","v":7.51}]
[null,"Preço Unitário Total",{"$nulls":9},{"$f":"TRUNC(L33+L34,2)","v":39.75}]

{"sheet":"04-41503","index":23,"n_rows":35,"n_cols":25,"rows_kept":35,"merged":[[1,1,1,14],[2,1,2,14],[3,1,3,14],[4,1,4,14],[5,1,5,14],[6,1,7,14],[8,1,8,14],[9,1,9,14],[10,3,10,4],[10,5,10,6],[10,8,10,9],[10,10,10,12],[10,13,10,14],[11,1,11,10],[11,11,11,14],[12,3,12,4],[12,5,12,6],[12,8,12,9],[12,10,12,12],[12,13,12,14],[13,3,13,4],[13,5,13,6],[13,8,13,12],[13,13,13,14],[14,1,14,10],[14,11,14,14],[16,3,16,4],[16,6,16,7],[16,9,16,14],[17,1,17,10],[17,11,17,14],[19,1,19,8],[19,9,19,14],[20,1,20,8],[20,9,20,14],[21,1,21,8],[21,9,21,14],[23,3,23,4],[23,5,23,7],[23,8,23,10],[23,11,23,14],[24,1,24,10],[24,11,24,14],[26,3,26,4],[26,5,26,7],[26,8,26,10],[26,11,26,14],[27,1,27,10],[27,11,27,14],[29,4,29,7],[29,10,29,11],[29,12,29,13],[30,1,30,10],[30,11,30,14],[32,1,32,10],[32,11,32,14],[33,1,33,10],[33,11,33,14],[34,1,34,10],[34,11,34,14]]}
[]
[]
[null,"COMPOSIÇÃO DE PREÇO UNITÁRIO DE SERVIÇO"]
[]
[]
[null,"Data Base : Novembro/2019"]
[null,"Serviço: 41503 - Rede de luz, incl. padrão entr. energia trifás. cabo ligação até barracões, quadro distrib., disj. e\nchave de força, cons. 20m entre padrão entr.e QDG",{"$nulls":22},"\n"]
[]
[]
[null,"Unidade: UD"]
[null,"(A)Equipamento","Código padrão","Quantidade",null,"Ut.Pr",null,"Ut. Impr","Vl. Hr. Prod",null,"Vl. Hr. Imp",null,null,"Custo Horário",{"$nulls":3},"5 ENERGIA 18,30 15,08"]
[null,"(A)Total:",{"$nulls":9},{"v":0,"d":"0.00"}]
[]
[null,"(B)Mão-de-Obra","Código padrão","Eq. Salarial",null,"Encargos(%)",null,"Sal/Hora","Consumo",{"$nulls":4},"Custo Horário"]
[null,"(B)Total:",{"$nulls":9},{"v":0,"d":"0.00"}]
[]
[null,"(C)Itens de Incidência","Código padrão","%",null,"M. O.","Equip.",null,"Mat.","Custo",{"$nulls":7},2.17]
[null,"(C)Total:",{"$nulls":9},{"v":0,"d":"0.00"}]
[]
[null,"Custo Horário da Execução (A) + (B) + (C)",{"$nulls":7},{"$f":"TRUNC(L15+L18+L12,2)","v":{"v":0,"d":"0.00"}}]
[null,"(D) Produção da Equipe",{"$nulls":7},{"v":1,"d":"1.000"}]
[null,"(E) Custo Unitário da Execução [(A) + (B) + (C)] / (D)",{"$nulls":7},{"$f":"TRUNC(J20/J21,2)","v":{"v":0,"d":"0.00"}}]
[{"$nulls":16},24,100]
[null,"(F)Materiais","Código padrão","Unid.",null,"Custo Unitário",null,null,"Consumo",null,null,"Custo Unitário",{"$nulls":5},5,null,{"$f":"(33.67*5)/100","v":1.6835000000000002}]
[null,"(F)Total:",{"$nulls":9},{"v":0,"d":"0.00"}]
[]
[null,"(G)Serviços","Código padrão","Unid.",null,"Custo Unitário",null,null,"Consumo",null,null,"Custo Unitário"]
[null,"(G)Total:",{"$nulls":9},{"v":0,"d":"0.00"}]
[]
[null,"(H)Itens de Transporte","Código padrão","Unid.","Fórmula",{"$nulls":3},"XP","XR","Custo",null,"Consumo",null,"Custo Unit.",null,{"$f":"L28+L25+L31+J22","v":{"v":0,"d":"0.00"}}]
[null,"(H)Total:",{"$nulls":9},{"v":0,"d":"0.00"}]
[]
[null,"Custo Adotado",{"$nulls":9},368.93,{"$nulls":3},{"$f":"L33","v":368.93}]
[null,"BDI :23,32%",{"$nulls":9},{"$f":"TRUNC(L33*0.2332,2)","v":86.03}]
[null,"Preço Unitário Total",{"$nulls":9},{"$f":"TRUNC(L33+L34,2)","v":454.96}]

{"sheet":"100390","index":24,"n_rows":46,"n_cols":20,"rows_kept":46,"merged":[[1,1,1,14],[2,1,2,14],[3,1,3,14],[4,1,4,14],[5,1,5,14],[6,1,7,14],[8,1,8,14],[9,1,9,14],[10,3,10,4],[10,5,10,6],[10,8,10,9],[10,10,10,12],[10,13,10,14],[11,1,11,10],[11,11,11,14],[12,3,12,4],[12,5,12,6],[12,8,12,9],[12,10,12,12],[12,13,12,14],[13,3,13,4],[13,5,13,6],[13,8,13,12],[13,13,13,14],[14,3,14,4],[14,5,14,6],[14,8,14,12],[14,13,14,14],[15,3,15,4],[15,5,15,6],[15,8,15,12],[15,13,15,14],[16,3,16,4],[16,5,16,6],[16,8,16,12],[16,13,16,14],[17,3,17,4],[17,5,17,6],[17,8,17,12],[17,13,17,14],[18,3,18,4],[18,5,18,6],[18,8,18,12],[18,13,18,14],[19,3,19,4],[19,5,19,6],[19,8,19,12],[19,13,19,14],[20,1,20,10],[20,11,20,14],[22,3,22,4],[22,6,22,7],[22,9,22,14],[23,1,23,10],[23,11,23,14],[25,1,25,8],[25,9,25,14],[26,1,26,8],[26,9,26,14],[27,1,27,8],[27,9,27,14],[29,3,29,4],[29,5,29,7],[29,8,29,10],[29,11,29,14],[30,3,30,4],[30,5,30,7],[30,8,30,10],[30,11,30,14],[31,3,31,4],[31,5,31,7],[31,8,31,10],[31,11,31,14],[32,3,32,4],[32,5,32,7],[32,8,32,10],[32,11,32,14],[33,1,33,10],[33,11,33,14],[35,3,35,4],[35,5,35,7],[35,8,35,10],[35,11,35,14],[36,3,36,4],[36,5,36,7],[36,8,36,10],[36,11,36,14],[37,1,37,10],[37,11,37,14],[39,4,39,7],[39,10,39,11],[39,12,39,13],[40,1,40,10],[40,11,40,14],[42,1,42,10],[42,11,42,14],[43,1,43,10],[43,11,43,14],[44,1,44,10],[44,11,44,14],[45,1,46,14]]}
[]
[null,"COMPOSIÇÃO DE PREÇO UNITÁRIO DE SERVIÇO"]
[]
[]
[]
[null,"Data Base : outubro/2018"]
[null,"Serviço: 100390 - Administração Local"]
[]
[]
[null,"Unidade: Ud"]
[null,"(A)Equipamento","Código padrão","Quantidade",null,"Ut.Pr",null,"Ut. Impr","Vl. Hr. Prod",null,"Vl. Hr. Imp",null,null,"Custo Horário",{"$nulls":3},"5 ENERGIA 18,30 15,08"]
[null,"(A)Total:",{"$nulls":9},{"v":0,"d":"0.00"}]
[]
[null,"(B)Mão-de-Obra","Código padrão","Eq. Salarial",null,"Encargos(%)",null,"Sal/Hora","Consumo",{"$nulls":4},"Custo Horário"]
[null,"Almoxarife",20094,1.65,null,157.27,null,{"v":19.2,"d":"19.20"},{"v":80,"d":"80.0000"},{"$nulls":4},{"$f":"TRUNC(I15*H15,2)","v":{"v":1536,"d":"1,536.00"}}]
[null,"Auxiliar de administração",20021,{"v":0,"d":"0.00"},null,84.04,null,{"v":3502.09,"d":"3,502.09"},{"v":0.5,"d":"0.5000"},{"$nulls":4},{"$f":"TRUNC(I16*H16,2)","v":{"v":1751.04,"d":"1,751.04"}}]
[null,"Auxiliar de topografia",20029,{"v":0,"d":"0.00"},null,84.04,null,{"v":3896.47,"d":"3,896.47"},{"v":0.2,"d":"0.2000"},{"$nulls":4},{"$f":"TRUNC(I17*H17,2)","v":779.29}]
[null,"Engenheiro Junior",20070,{"v":0,"d":"0.00"},null,84.04,null,{"v":15993.83,"d":"15,993.83"},{"v":0.2,"d":"0.2000"},{"$nulls":4},{"$f":"TRUNC(I18*H18,2)","v":{"v":3198.76,"d":"3,198.76"}}]
[null,"Topógrafo",20014,{"v":0,"d":"0.00"},null,84.04,null,{"v":6498.26,"d":"6,498.26"},{"v":0.2,"d":"0.2000"},{"$nulls":4},{"$f":"TRUNC(I19*H19,2)","v":{"v":1299.65,"d":"1,299.65"}}]
[null,"Vigia",20019,{"v":1,"d":"1.00"},null,157.27,null,11.64,{"v":160,"d":"160.0000"},{"$nulls":4},{"v":1862.4,"d":"1,862.40"}]
[null,"(B)Total:",{"$nulls":9},{"$f":"SUM(N15:O20)","v":{"v":10427.14,"d":"10,427.14"}}]
[]
[null,"(C)Itens de Incidência","Código padrão","%",null,"M. O.","Equip.",null,"Mat.","Custo",{"$nulls":7},2.17]
[null,"(C)Total:",{"$nulls":9},{"v":0,"d":"0.00"}]
[]
[null,"Custo Horário da Execução (A) + (B) + (C)",{"$nulls":7},{"$f":"TRUNC(L21+L24+L12,2)","v":{"v":10427.14,"d":"10,427.14"}}]
[null,"(D) Produção da Equipe",{"$nulls":7},{"v":1,"d":"1.000"}]
[null,"(E) Custo Unitário da Execução [(A) + (B) + (C)] / (D)",{"$nulls":7},{"$f":"TRUNC(J26/J27,2)","v":{"v":10427.14,"d":"10,427.14"}}]
[{"$nulls":16},24,100]
[null,"(F)Materiais","Código padrão","Unid.",null,"Custo Unitário",null,null,"Consumo",null,null,"Custo Unitário",{"$nulls":5},5,null,{"$f":"(33.67*5)/100","v":1.6835000000000002}]
[null,"Aluguel mensal de mobiliário - escritório",10582,"mês",null,756.55,null,null,{"v":0.25,"d":"0.2500"},null,null,{"$f":"TRUNC(F31*I31,2)","v":189.13}]
[null,"Aluguel computador com : Processador 2,80 GHz , Memória RAM 4,00GB, Sistema Operacional 32 Bits, Windows com Pacote Office e Impressora Jato de Tinta",10591,"mês",null,249.36,null,null,{"v":0.25,"d":"0.2500"},null,null,{"$f":"TRUNC(F32*I32,2)","v":62.34}]
[null,"Estaçao total LEICA TC-800",10425,"mês",null,903.03,null,null,{"v":0.5,"d":"0.5000"},null,null,{"$f":"TRUNC(F33*I33,2)","v":451.51}]
[null,"(F)Total:",{"$nulls":9},{"$f":"SUM(L31:O33)","v":702.98}]
[]
[null,"(G)Serviços","Código padrão","Unid.",null,"Custo Unitário",null,null,"Consumo",null,null,"Custo Unitário"]
[null,{"$f":"VLOOKUP(C37,[23]SERVIÇOS!$B$2:$F$1526,2,0)","v":"NADA"},0,{"$f":"VLOOKUP(C37,[23]SERVIÇOS!$B$2:$F$1526,3,0)","v":"NADA"},null,{"$f":"VLOOKUP(C37,[23]SERVIÇOS!$B$2:$F$1526,5,0)","v":{"v":0,"d":"0.000"}},{"$nulls":5},{"$f":"F37*I37","v":{"v":0,"d":"0.00"}}]
[null,"(G)Total:",{"$nulls":9},{"$f":"SUM(L37:O37)","v":{"v":0,"d":"0.00"}}]
[]
[null,"(H)Itens de Transporte","Código padrão","Unid.","Fórmula",{"$nulls":3},"XP","XR","Custo",null,"Consumo",null,"Custo Unit.",null,{"$f":"L38+L34+L41+J28","v":{"v":11130.119999999999,"d":"11,130.12"}}]
[null,"(H)Total:",{"$nulls":9},{"v":0,"d":"0.00"}]
[]
[null,"Custo Direto Total (E) + (F) + (G) + (H)",{"$nulls":9},{"$f":"TRUNC(J28+L34+L38+L41,2)","v":{"v":11130.12,"d":"11,130.12"}},{"$nulls":3},{"$f":"L43","v":{"v":11130.12,"d":"11,130.12"}}]
[null,"BDI :23,32%",{"$nulls":9},{"$f":"TRUNC(L43*0.2332,2)","v":{"v":2595.54,"d":"2,595.54"}}]
[null,"Preço Unitário Total",{"$nulls":9},{"$f":"TRUNC(L43+L44,2)","v":{"v":13725.66,"d":"13,725.66"}}]
[null,"* De acordo com a RESOLUÇÃO SETOP 02/2016, a composição da Administração Local para as obras públicas rodoviárias não podem ultrapassar o valor de 6,99% do valor total da obra"]